中国县级行政区(点位地图版) - Statistics

General Stats
  • This quiz has been taken 31 times
  • The average score is 665 of 2846
Answers on the Map
Answers color-coded by a green-red scale on the quiz's map according to % correct below.
 
Answer Stats
省级行政区 地级行政区 县级行政区 % Correct
北京市 (直辖) 东城区
100%
北京市 (直辖) 西城区
100%
北京市 (直辖) 朝阳区
100%
天津市 (直辖) 滨海新区
100%
辽宁省 朝阳市 朝阳县
100%
吉林省 长春市 朝阳区
100%
江苏省 盐城市 滨海县
100%
湖南省 益阳市 南县
100%
四川省 攀枝花市 东区
100%
四川省 攀枝花市 西区
100%
北京市 (直辖) 石景山区
90%
北京市 (直辖) 大兴区
90%
北京市 (直辖) 平谷区
90%
天津市 (直辖) 北辰区
90%
天津市 (直辖) 蓟州区
90%
河北省 沧州市 青县
90%
江苏省 徐州市 丰县
90%
河南省 信阳市 新县
90%
北京市 (直辖) 丰台区
80%
北京市 (直辖) 海淀区
80%
北京市 (直辖) 门头沟区
80%
北京市 (直辖) 房山区
80%
北京市 (直辖) 通州区
80%
北京市 (直辖) 顺义区
80%
北京市 (直辖) 昌平区
80%
天津市 (直辖) 和平区
80%
天津市 (直辖) 河东区
80%
天津市 (直辖) 河西区
80%
天津市 (直辖) 河北区
80%
天津市 (直辖) 武清区
80%
辽宁省 沈阳市 和平区
80%
江苏省 南京市 栖霞区
80%
江苏省 苏州市 太仓市
80%
江苏省 南通市 通州区
80%
安徽省 马鞍山市 和县
80%
山东省 烟台市 栖霞市
80%
山东省 临沂市 河东区
80%
湖北省 十堰市 房县
80%
广东省 河源市 和平县
80%
甘肃省 庆阳市 宁县
80%
北京市 (直辖) 怀柔区
70%
北京市 (直辖) 密云区
70%
北京市 (直辖) 延庆区
70%
天津市 (直辖) 南开区
70%
天津市 (直辖) 西青区
70%
天津市 (直辖) 静海区
70%
河北省 石家庄市 新华区
70%
河北省 沧州市 新华区
70%
山西省 阳泉市 城区
70%
山西省 晋城市 城区
70%
山西省 吕梁市 临县
70%
上海市 (直辖) 金山区
70%
上海市 (直辖) 崇明区
70%
江苏省 苏州市 昆山市
70%
浙江省 宁波市 慈溪市
70%
河南省 平顶山市 新华区
70%
湖北省 武汉市 武昌区
70%
湖南省 长沙市 雨花区
70%
广东省 深圳市 龙华区
70%
广东省 湛江市 雷州市
70%
广东省 汕尾市 城区
70%
海南省 海口市 龙华区
70%
海南省 (直辖) 万宁市
70%
海南省 (直辖) 陵水黎族自治县
70%
四川省 宜宾市 高县
70%
四川省 凉山彝族自治州 西昌市
70%
陕西省 宝鸡市 凤县
70%
甘肃省 陇南市 文县
70%
青海省 玉树藏族自治州 玉树市
70%
天津市 (直辖) 红桥区
60%
天津市 (直辖) 津南区
60%
天津市 (直辖) 宝坻区
60%
天津市 (直辖) 宁河区
60%
河北省 石家庄市 桥西区
60%
河北省 唐山市 路南区
60%
河北省 唐山市 路北区
60%
河北省 秦皇岛市 山海关区
60%
河北省 保定市 雄县
60%
河北省 保定市 定州市
60%
河北省 张家口市 桥西区
60%
河北省 张家口市 蔚县
60%
河北省 廊坊市 大厂回族自治县
60%
河北省 廊坊市 三河市
60%
山西省 阳泉市 矿区
60%
山西省 阳泉市 郊区
60%
山西省 临汾市 古县
60%
山西省 临汾市 吉县
60%
山西省 吕梁市 兴县
60%
内蒙古自治区 呼伦贝尔市 满洲里市
60%
内蒙古自治区 阿拉善盟 阿拉善左旗
60%
内蒙古自治区 阿拉善盟 阿拉善右旗
60%
辽宁省 大连市 中山区
60%
黑龙江省 鹤岗市 南山区
60%
黑龙江省 双鸭山市 宝山区
60%
黑龙江省 佳木斯市 郊区
60%
黑龙江省 佳木斯市 抚远市
60%
黑龙江省 大兴安岭地区 漠河市
60%
上海市 (直辖) 普陀区
60%
上海市 (直辖) 宝山区
60%
上海市 (直辖) 浦东新区
60%
上海市 (直辖) 松江区
60%
上海市 (直辖) 青浦区
60%
江苏省 南京市 鼓楼区
60%
江苏省 南京市 雨花台区
60%
江苏省 徐州市 鼓楼区
60%
江苏省 苏州市 常熟市
60%
江苏省 苏州市 张家港市
60%
江苏省 淮安市 淮安区
60%
浙江省 杭州市 西湖区
60%
浙江省 杭州市 萧山区
60%
浙江省 绍兴市 嵊州市
60%
浙江省 舟山市 普陀区
60%
浙江省 舟山市 嵊泗县
60%
安徽省 合肥市 巢湖市
60%
安徽省 淮南市 寿县
60%
安徽省 铜陵市 郊区
60%
安徽省 黄山市 黄山区
60%
安徽省 滁州市 凤阳县
60%
安徽省 宿州市 萧县
60%
福建省 福州市 鼓楼区
60%
福建省 厦门市 思明区
60%
江西省 南昌市 西湖区
60%
江西省 景德镇市 昌江区
60%
山东省 济南市 市中区
60%
山东省 枣庄市 市中区
60%
山东省 威海市 文登区
60%
山东省 菏泽市 曹县
60%
河南省 开封市 鼓楼区
60%
河南省 焦作市 温县
60%
河南省 濮阳市 濮阳县
60%
河南省 三门峡市 灵宝市
60%
湖北省 武汉市 黄陂区
60%
湖北省 (直辖) 仙桃市
60%
湖北省 (直辖) 天门市
60%
湖南省 长沙市 岳麓区
60%
湖南省 岳阳市 岳阳县
60%
广东省 广州市 越秀区
60%
广东省 广州市 海珠区
60%
广东省 广州市 白云区
60%
广东省 广州市 黄埔区
60%
广东省 广州市 番禺区
60%
广东省 广州市 南沙区
60%
广东省 深圳市 南山区
60%
广东省 惠州市 惠阳区
60%
广东省 汕尾市 陆丰市
60%
海南省 海口市 美兰区
60%
海南省 三沙市 西沙区
60%
海南省 三沙市 南沙区
60%
海南省 (直辖) 五指山市
60%
海南省 (直辖) 琼海市
60%
海南省 (直辖) 文昌市
60%
海南省 (直辖) 东方市
60%
海南省 (直辖) 昌江黎族自治县
60%
海南省 (直辖) 保亭黎族苗族自治县
60%
海南省 (直辖) 琼中黎族苗族自治县
60%
重庆市 (直辖) 北碚区
60%
四川省 自贡市 荣县
60%
四川省 内江市 市中区
60%
四川省 乐山市 市中区
60%
四川省 阿坝藏族羌族自治州 汶川县
60%
四川省 阿坝藏族羌族自治州 理县
60%
贵州省 贵阳市 白云区
60%
云南省 红河哈尼族彝族自治州 红河县
60%
陕西省 延安市 富县
60%
陕西省 榆林市 神木市
60%
甘肃省 酒泉市 肃州区
60%
甘肃省 酒泉市 敦煌市
60%
青海省 海西蒙古族藏族自治州 格尔木市
60%
青海省 海西蒙古族藏族自治州 茫崖市
60%
天津市 (直辖) 东丽区
50%
河北省 石家庄市 长安区
50%
河北省 唐山市 开平区
50%
河北省 唐山市 丰润区
50%
河北省 唐山市 曹妃甸区
50%
河北省 唐山市 迁西县
50%
河北省 唐山市 遵化市
50%
河北省 唐山市 迁安市
50%
河北省 秦皇岛市 北戴河区
50%
河北省 秦皇岛市 昌黎县
50%
河北省 秦皇岛市 卢龙县
50%
河北省 邯郸市 涉县
50%
河北省 邯郸市 魏县
50%
河北省 保定市 涿州市
50%
河北省 张家口市 桥东区
50%
河北省 沧州市 沧县
50%
河北省 衡水市 景县
50%
山西省 太原市 小店区
50%
山西省 晋中市 祁县
50%
山西省 运城市 夏县
50%
山西省 吕梁市 岚县
50%
山西省 吕梁市 汾阳市
50%
内蒙古自治区 呼和浩特市 新城区
50%
内蒙古自治区 呼和浩特市 赛罕区
50%
内蒙古自治区 赤峰市 红山区
50%
内蒙古自治区 锡林郭勒盟 二连浩特市
50%
内蒙古自治区 阿拉善盟 额济纳旗
50%
辽宁省 沈阳市 铁西区
50%
辽宁省 大连市 瓦房店市
50%
辽宁省 鞍山市 铁东区
50%
辽宁省 鞍山市 铁西区
50%
辽宁省 锦州市 义县
50%
辽宁省 阜新市 阜新蒙古族自治县
50%
吉林省 长春市 榆树市
50%
吉林省 吉林市 昌邑区
50%
吉林省 四平市 铁西区
50%
吉林省 四平市 铁东区
50%
吉林省 延边朝鲜族自治州 延吉市
50%
黑龙江省 黑河市 五大连池市
50%
上海市 (直辖) 黄浦区
50%
上海市 (直辖) 徐汇区
50%
上海市 (直辖) 长宁区
50%
上海市 (直辖) 静安区
50%
上海市 (直辖) 杨浦区
50%
上海市 (直辖) 闵行区
50%
上海市 (直辖) 奉贤区
50%
江苏省 南京市 建邺区
50%
江苏省 南京市 浦口区
50%
江苏省 南京市 江宁区
50%
江苏省 南京市 六合区
50%
江苏省 无锡市 江阴市
50%
江苏省 徐州市 沛县
50%
江苏省 常州市 溧阳市
50%
江苏省 苏州市 相城区
50%
江苏省 苏州市 姑苏区
50%
江苏省 苏州市 吴江区
50%
江苏省 南通市 如东县
50%
江苏省 连云港市 赣榆区
50%
江苏省 淮安市 淮阴区
50%
江苏省 淮安市 洪泽区
50%
江苏省 盐城市 大丰区
50%
江苏省 扬州市 高邮市
50%
浙江省 杭州市 上城区
50%
浙江省 宁波市 江北区
50%
浙江省 宁波市 鄞州区
50%
浙江省 宁波市 奉化区
50%
浙江省 湖州市 德清县
50%
浙江省 金华市 义乌市
50%
浙江省 舟山市 岱山县
50%
浙江省 丽水市 龙泉市
50%
安徽省 合肥市 瑶海区
50%
安徽省 合肥市 蜀山区
50%
安徽省 淮南市 大通区
50%
安徽省 淮南市 谢家集区
50%
安徽省 黄山市 歙县
50%
安徽省 滁州市 琅琊区
50%
安徽省 滁州市 天长市
50%
安徽省 宣城市 泾县
50%
福建省 福州市 仓山区
50%
福建省 福州市 长乐区
50%
福建省 福州市 闽侯县
50%
福建省 厦门市 集美区
50%
福建省 南平市 武夷山市
50%
福建省 宁德市 福鼎市
50%
江西省 南昌市 南昌县
50%
山东省 济南市 历城区
50%
山东省 济南市 济阳区
50%
山东省 淄博市 临淄区
50%
山东省 枣庄市 滕州市
50%
山东省 烟台市 芝罘区
50%
山东省 烟台市 龙口市
50%
山东省 烟台市 莱阳市
50%
山东省 潍坊市 昌邑市
50%
山东省 威海市 荣成市
50%
山东省 威海市 乳山市
50%
河南省 郑州市 二七区
50%
河南省 郑州市 金水区
50%
河南省 郑州市 新密市
50%
河南省 郑州市 新郑市
50%
河南省 郑州市 登封市
50%
河南省 平顶山市 叶县
50%
河南省 安阳市 安阳县
50%
河南省 濮阳市 台前县
50%
河南省 许昌市 襄城县
50%
湖北省 武汉市 江汉区
50%
湖北省 武汉市 汉阳区
50%
湖北省 武汉市 江夏区
50%
湖北省 十堰市 丹江口市
50%
湖北省 宜昌市 秭归县
50%
湖北省 襄阳市 襄城区
50%
湖北省 (直辖) 潜江市
50%
湖南省 长沙市 芙蓉区
50%
湖南省 长沙市 天心区
50%
湖南省 长沙市 开福区
50%
湖南省 长沙市 长沙县
50%
湖南省 衡阳市 耒阳市
50%
湖南省 岳阳市 岳阳楼区
50%
湖南省 岳阳市 汨罗市
50%
湖南省 常德市 澧县
50%
湖南省 湘西土家族苗族自治州 凤凰县
50%
广东省 广州市 荔湾区
50%
广东省 广州市 花都区
50%
广东省 广州市 从化区
50%
广东省 汕头市 潮阳区
50%
广东省 佛山市 南海区
50%
广东省 佛山市 顺德区
50%
广东省 江门市 开平市
50%
广东省 湛江市 徐闻县
50%
广东省 惠州市 博罗县
50%
广东省 汕尾市 海丰县
50%
广西壮族自治区 柳州市 城中区
50%
海南省 三亚市 天涯区
50%
海南省 (直辖) 屯昌县
50%
海南省 (直辖) 澄迈县
50%
海南省 (直辖) 白沙黎族自治县
50%
海南省 (直辖) 乐东黎族自治县
50%
重庆市 (直辖) 万州区
50%
重庆市 (直辖) 江北区
50%
重庆市 (直辖) 沙坪坝区
50%
重庆市 (直辖) 南岸区
50%
重庆市 (直辖) 渝北区
50%
重庆市 (直辖) 巴南区
50%
重庆市 (直辖) 城口县
50%
重庆市 (直辖) 巫溪县
50%
四川省 成都市 金牛区
50%
四川省 成都市 龙泉驿区
50%
四川省 泸州市 泸县
50%
四川省 宜宾市 长宁县
50%
四川省 阿坝藏族羌族自治州 马尔康市
50%
贵州省 毕节市 黔西市
50%
贵州省 黔西南布依族苗族自治州 兴义市
50%
贵州省 黔东南苗族侗族自治州 凯里市
50%
云南省 临沧市 云县
50%
云南省 楚雄彝族自治州 楚雄市
50%
云南省 西双版纳傣族自治州 勐腊县
50%
云南省 大理白族自治州 大理市
50%
云南省 德宏傣族景颇族自治州 瑞丽市
50%
云南省 德宏傣族景颇族自治州 芒市
50%
云南省 怒江傈僳族自治州 泸水市
50%
西藏自治区 拉萨市 城关区
50%
西藏自治区 拉萨市 堆龙德庆区
50%
陕西省 西安市 新城区
50%
陕西省 西安市 碑林区
50%
陕西省 西安市 莲湖区
50%
陕西省 西安市 未央区
50%
陕西省 西安市 雁塔区
50%
陕西省 西安市 长安区
50%
陕西省 渭南市 富平县
50%
陕西省 榆林市 府谷县
50%
陕西省 榆林市 米脂县
50%
甘肃省 兰州市 城关区
50%
甘肃省 兰州市 七里河区
50%
甘肃省 张掖市 甘州区
50%
甘肃省 酒泉市 肃北蒙古族自治县
50%
甘肃省 庆阳市 环县
50%
甘肃省 陇南市 康县
50%
青海省 西宁市 城中区
50%
青海省 西宁市 大通回族土族自治县
50%
青海省 玉树藏族自治州 曲麻莱县
50%
青海省 海西蒙古族藏族自治州 德令哈市
50%
青海省 海西蒙古族藏族自治州 乌兰县
50%
新疆维吾尔自治区 昌吉回族自治州 昌吉市
50%
新疆维吾尔自治区 阿克苏地区 阿克苏市
50%
新疆维吾尔自治区 和田地区 和田市
50%
新疆维吾尔自治区 和田地区 和田县
50%
新疆维吾尔自治区 伊犁哈萨克自治州 伊宁市
50%
新疆维吾尔自治区 伊犁哈萨克自治州 霍尔果斯市
50%
新疆维吾尔自治区 伊犁哈萨克自治州 伊宁县
50%
新疆维吾尔自治区 (直辖) 图木舒克市
50%
新疆维吾尔自治区 (直辖) 北屯市
50%
新疆维吾尔自治区 (直辖) 铁门关市
50%
新疆维吾尔自治区 (直辖) 双河市
50%
新疆维吾尔自治区 (直辖) 昆玉市
50%
河北省 石家庄市 井陉矿区
40%
河北省 石家庄市 裕华区
40%
河北省 石家庄市 井陉县
40%
河北省 唐山市 丰南区
40%
河北省 唐山市 滦南县
40%
河北省 唐山市 滦州市
40%
河北省 秦皇岛市 海港区
40%
河北省 秦皇岛市 青龙满族自治县
40%
河北省 邯郸市 峰峰矿区
40%
河北省 邯郸市 馆陶县
40%
河北省 邢台市 南宫市
40%
河北省 邢台市 沙河市
40%
河北省 保定市 莲池区
40%
河北省 保定市 清苑区
40%
河北省 保定市 徐水区
40%
河北省 保定市 唐县
40%
河北省 保定市 容城县
40%
河北省 保定市 安新县
40%
河北省 保定市 高碑店市
40%
河北省 张家口市 宣化区
40%
河北省 张家口市 下花园区
40%
河北省 张家口市 万全区
40%
河北省 张家口市 张北县
40%
河北省 沧州市 盐山县
40%
河北省 廊坊市 香河县
40%
山西省 太原市 尖草坪区
40%
山西省 太原市 万柏林区
40%
山西省 太原市 娄烦县
40%
山西省 运城市 永济市
40%
山西省 临汾市 隰县
40%
山西省 临汾市 蒲县
40%
山西省 吕梁市 孝义市
40%
内蒙古自治区 包头市 青山区
40%
内蒙古自治区 包头市 白云鄂博矿区
40%
内蒙古自治区 赤峰市 元宝山区
40%
内蒙古自治区 赤峰市 喀喇沁旗
40%
内蒙古自治区 呼伦贝尔市 根河市
40%
内蒙古自治区 兴安盟 乌兰浩特市
40%
内蒙古自治区 锡林郭勒盟 锡林浩特市
40%
辽宁省 大连市 西岗区
40%
辽宁省 大连市 甘井子区
40%
辽宁省 大连市 旅顺口区
40%
辽宁省 大连市 金州区
40%
辽宁省 丹东市 元宝区
40%
辽宁省 丹东市 东港市
40%
辽宁省 丹东市 凤城市
40%
辽宁省 营口市 鲅鱼圈区
40%
辽宁省 阜新市 海州区
40%
吉林省 长春市 绿园区
40%
吉林省 白山市 长白朝鲜族自治县
40%
吉林省 延边朝鲜族自治州 图们市
40%
吉林省 延边朝鲜族自治州 敦化市
40%
吉林省 延边朝鲜族自治州 珲春市
40%
吉林省 延边朝鲜族自治州 龙井市
40%
黑龙江省 哈尔滨市 松北区
40%
黑龙江省 哈尔滨市 五常市
40%
黑龙江省 鹤岗市 向阳区
40%
黑龙江省 鹤岗市 东山区
40%
黑龙江省 佳木斯市 向阳区
40%
黑龙江省 佳木斯市 同江市
40%
黑龙江省 牡丹江市 绥芬河市
40%
黑龙江省 黑河市 孙吴县
40%
上海市 (直辖) 虹口区
40%
上海市 (直辖) 嘉定区
40%
江苏省 南京市 玄武区
40%
江苏省 无锡市 锡山区
40%
江苏省 无锡市 惠山区
40%
江苏省 无锡市 滨湖区
40%
江苏省 无锡市 宜兴市
40%
江苏省 徐州市 铜山区
40%
江苏省 常州市 天宁区
40%
江苏省 常州市 新北区
40%
江苏省 常州市 武进区
40%
江苏省 常州市 金坛区
40%
江苏省 苏州市 虎丘区
40%
江苏省 苏州市 吴中区
40%
江苏省 南通市 崇川区
40%
江苏省 南通市 海门区
40%
江苏省 南通市 如皋市
40%
江苏省 连云港市 海州区
40%
江苏省 连云港市 灌云县
40%
江苏省 连云港市 灌南县
40%
江苏省 淮安市 清江浦区
40%
江苏省 淮安市 盱眙县
40%
江苏省 盐城市 响水县
40%
江苏省 盐城市 射阳县
40%
江苏省 盐城市 东台市
40%
江苏省 扬州市 宝应县
40%
江苏省 镇江市 丹阳市
40%
江苏省 泰州市 靖江市
40%
江苏省 宿迁市 泗阳县
40%
浙江省 杭州市 余杭区
40%
浙江省 杭州市 钱塘区
40%
浙江省 杭州市 桐庐县
40%
浙江省 宁波市 象山县
40%
浙江省 宁波市 宁海县
40%
浙江省 宁波市 余姚市
40%
浙江省 嘉兴市 海宁市
40%
浙江省 湖州市 南浔区
40%
浙江省 绍兴市 越城区
40%
浙江省 绍兴市 柯桥区
40%
浙江省 金华市 金东区
40%
浙江省 舟山市 定海区
40%
安徽省 合肥市 包河区
40%
安徽省 合肥市 肥东县
40%
安徽省 合肥市 肥西县
40%
安徽省 芜湖市 无为市
40%
安徽省 安庆市 桐城市
40%
安徽省 黄山市 徽州区
40%
安徽省 宿州市 泗县
40%
安徽省 六安市 金寨县
40%
安徽省 亳州市 涡阳县
40%
福建省 福州市 平潭县
40%
福建省 厦门市 海沧区
40%
福建省 厦门市 湖里区
40%
福建省 厦门市 同安区
40%
福建省 泉州市 鲤城区
40%
福建省 泉州市 金门县
40%
福建省 泉州市 石狮市
40%
福建省 泉州市 南安市
40%
福建省 漳州市 东山县
40%
福建省 宁德市 霞浦县
40%
江西省 南昌市 红谷滩区
40%
江西省 九江市 庐山市
40%
江西省 赣州市 章贡区
40%
江西省 吉安市 井冈山市
40%
山东省 济南市 历下区
40%
山东省 青岛市 市南区
40%
山东省 青岛市 市北区
40%
山东省 青岛市 平度市
40%
山东省 青岛市 莱西市
40%
山东省 东营市 河口区
40%
山东省 烟台市 蓬莱区
40%
山东省 烟台市 招远市
40%
山东省 潍坊市 寒亭区
40%
山东省 潍坊市 青州市
40%
山东省 潍坊市 寿光市
40%
山东省 泰安市 泰山区
40%
山东省 泰安市 岱岳区
40%
山东省 威海市 环翠区
40%
山东省 日照市 东港区
40%
山东省 日照市 岚山区
40%
山东省 日照市 莒县
40%
山东省 临沂市 兰山区
40%
山东省 德州市 禹城市
40%
山东省 聊城市 莘县
40%
山东省 聊城市 东阿县
40%
山东省 菏泽市 单县
40%
山东省 菏泽市 东明县
40%
河南省 郑州市 管城回族区
40%
河南省 郑州市 惠济区
40%
河南省 郑州市 中牟县
40%
河南省 安阳市 林州市
40%
河南省 鹤壁市 淇县
40%
河南省 焦作市 山阳区
40%
河南省 濮阳市 范县
40%
河南省 三门峡市 渑池县
40%
河南省 三门峡市 卢氏县
40%
河南省 南阳市 社旗县
40%
河南省 商丘市 睢县
40%
河南省 商丘市 永城市
40%
河南省 周口市 项城市
40%
河南省 (直辖) 济源市
40%
湖北省 武汉市 硚口区
40%
湖北省 武汉市 青山区
40%
湖北省 武汉市 洪山区
40%
湖北省 武汉市 东西湖区
40%
湖北省 十堰市 郧阳区
40%
湖北省 宜昌市 猇亭区
40%
湖北省 宜昌市 宜都市
40%
湖北省 襄阳市 樊城区
40%
湖北省 鄂州市 华容区
40%
湖北省 荆门市 掇刀区
40%
湖北省 孝感市 汉川市
40%
湖北省 黄冈市 麻城市
40%
湖北省 恩施土家族苗族自治州 利川市
40%
湖北省 恩施土家族苗族自治州 巴东县
40%
湖南省 长沙市 浏阳市
40%
湖南省 长沙市 宁乡市
40%
湖南省 湘潭市 韶山市
40%
湖南省 岳阳市 华容县
40%
湖南省 岳阳市 临湘市
40%
湖南省 永州市 祁阳市
40%
广东省 广州市 增城区
40%
广东省 深圳市 罗湖区
40%
广东省 深圳市 福田区
40%
广东省 深圳市 龙岗区
40%
广东省 深圳市 盐田区
40%
广东省 深圳市 光明区
40%
广东省 佛山市 禅城区
40%
广东省 佛山市 三水区
40%
广东省 湛江市 赤坎区
40%
广东省 湛江市 廉江市
40%
广东省 湛江市 吴川市
40%
广东省 茂名市 电白区
40%
广东省 惠州市 惠东县
40%
广东省 梅州市 梅县区
40%
广东省 梅州市 五华县
40%
广东省 清远市 清城区
40%
广西壮族自治区 桂林市 象山区
40%
广西壮族自治区 北海市 合浦县
40%
广西壮族自治区 防城港市 东兴市
40%
广西壮族自治区 玉林市 容县
40%
广西壮族自治区 百色市 平果市
40%
海南省 海口市 秀英区
40%
海南省 三亚市 吉阳区
40%
海南省 (直辖) 定安县
40%
海南省 (直辖) 临高县
40%
重庆市 (直辖) 涪陵区
40%
重庆市 (直辖) 渝中区
40%
重庆市 (直辖) 大渡口区
40%
重庆市 (直辖) 九龙坡区
40%
重庆市 (直辖) 大足区
40%
重庆市 (直辖) 璧山区
40%
重庆市 (直辖) 开州区
40%
重庆市 (直辖) 忠县
40%
重庆市 (直辖) 云阳县
40%
重庆市 (直辖) 奉节县
40%
重庆市 (直辖) 巫山县
40%
重庆市 (直辖) 酉阳土家族苗族自治县
40%
四川省 成都市 锦江区
40%
四川省 成都市 青羊区
40%
四川省 成都市 武侯区
40%
四川省 成都市 青白江区
40%
四川省 成都市 郫都区
40%
四川省 成都市 邛崃市
40%
四川省 成都市 简阳市
40%
四川省 绵阳市 北川羌族自治县
40%
四川省 内江市 东兴区
40%
四川省 乐山市 峨眉山市
40%
四川省 阿坝藏族羌族自治州 茂县
40%
四川省 阿坝藏族羌族自治州 松潘县
40%
四川省 阿坝藏族羌族自治州 九寨沟县
40%
四川省 阿坝藏族羌族自治州 金川县
40%
四川省 甘孜藏族自治州 九龙县
40%
四川省 甘孜藏族自治州 德格县
40%
四川省 甘孜藏族自治州 稻城县
40%
四川省 凉山彝族自治州 会理市
40%
贵州省 六盘水市 六枝特区
40%
贵州省 六盘水市 水城区
40%
贵州省 遵义市 赤水市
40%
贵州省 黔西南布依族苗族自治州 兴仁市
40%
贵州省 黔南布依族苗族自治州 都匀市
40%
云南省 昆明市 五华区
40%
云南省 丽江市 古城区
40%
云南省 红河哈尼族彝族自治州 个旧市
40%
云南省 红河哈尼族彝族自治州 蒙自市
40%
云南省 红河哈尼族彝族自治州 河口瑶族自治县
40%
云南省 文山壮族苗族自治州 文山市
40%
云南省 西双版纳傣族自治州 景洪市
40%
云南省 西双版纳傣族自治州 勐海县
40%
云南省 迪庆藏族自治州 香格里拉市
40%
西藏自治区 日喀则市 定日县
40%
西藏自治区 日喀则市 亚东县
40%
西藏自治区 林芝市 墨脱县
40%
西藏自治区 那曲市 尼玛县
40%
西藏自治区 阿里地区 普兰县
40%
西藏自治区 阿里地区 噶尔县
40%
西藏自治区 阿里地区 日土县
40%
西藏自治区 阿里地区 措勤县
40%
陕西省 西安市 周至县
40%
陕西省 宝鸡市 陈仓区
40%
陕西省 宝鸡市 陇县
40%
陕西省 咸阳市 秦都区
40%
陕西省 延安市 宝塔区
40%
陕西省 榆林市 榆阳区
40%
陕西省 榆林市 靖边县
40%
陕西省 榆林市 定边县
40%
陕西省 榆林市 绥德县
40%
陕西省 榆林市 佳县
40%
陕西省 安康市 镇坪县
40%
陕西省 安康市 旬阳市
40%
陕西省 商洛市 山阳县
40%
甘肃省 兰州市 西固区
40%
甘肃省 兰州市 榆中县
40%
甘肃省 金昌市 金川区
40%
甘肃省 白银市 白银区
40%
甘肃省 武威市 凉州区
40%
甘肃省 酒泉市 瓜州县
40%
甘肃省 酒泉市 阿克塞哈萨克族自治县
40%
甘肃省 酒泉市 玉门市
40%
甘肃省 陇南市 成县
40%
甘肃省 陇南市 礼县
40%
甘肃省 陇南市 徽县
40%
甘肃省 临夏回族自治州 临夏市
40%
甘肃省 临夏回族自治州 临夏县
40%
甘肃省 甘南藏族自治州 合作市
40%
青海省 西宁市 城西区
40%
青海省 西宁市 城北区
40%
青海省 西宁市 湟源县
40%
青海省 海东市 乐都区
40%
青海省 黄南藏族自治州 河南蒙古族自治县
40%
宁夏回族自治区 银川市 兴庆区
40%
宁夏回族自治区 银川市 西夏区
40%
宁夏回族自治区 银川市 金凤区
40%
新疆维吾尔自治区 克拉玛依市 克拉玛依区
40%
新疆维吾尔自治区 博尔塔拉蒙古自治州 博乐市
40%
新疆维吾尔自治区 博尔塔拉蒙古自治州 阿拉山口市
40%
新疆维吾尔自治区 巴音郭楞蒙古自治州 库尔勒市
40%
新疆维吾尔自治区 巴音郭楞蒙古自治州 若羌县
40%
新疆维吾尔自治区 巴音郭楞蒙古自治州 且末县
40%
新疆维吾尔自治区 克孜勒苏柯尔克孜自治州 阿克陶县
40%
新疆维吾尔自治区 克孜勒苏柯尔克孜自治州 阿合奇县
40%
新疆维吾尔自治区 喀什地区 喀什市
40%
新疆维吾尔自治区 塔城地区 塔城市
40%
新疆维吾尔自治区 (直辖) 石河子市
40%
新疆维吾尔自治区 (直辖) 阿拉尔市
40%
新疆维吾尔自治区 (直辖) 五家渠市
40%
新疆维吾尔自治区 (直辖) 可克达拉市
40%
新疆维吾尔自治区 (直辖) 新星市
40%
新疆维吾尔自治区 (直辖) 白杨市
40%
河北省 石家庄市 正定县
30%
河北省 石家庄市 元氏县
30%
河北省 石家庄市 赵县
30%
河北省 石家庄市 辛集市
30%
河北省 石家庄市 新乐市
30%
河北省 唐山市 古冶区
30%
河北省 唐山市 玉田县
30%
河北省 秦皇岛市 抚宁区
30%
河北省 邯郸市 磁县
30%
河北省 邢台市 威县
30%
河北省 保定市 易县
30%
河北省 保定市 曲阳县
30%
河北省 保定市 安国市
30%
河北省 张家口市 崇礼区
30%
河北省 张家口市 涿鹿县
30%
河北省 承德市 双桥区
30%
河北省 承德市 兴隆县
30%
河北省 承德市 宽城满族自治县
30%
河北省 承德市 围场满族蒙古族自治县
30%
河北省 沧州市 海兴县
30%
河北省 沧州市 河间市
30%
河北省 廊坊市 安次区
30%
河北省 廊坊市 广阳区
30%
河北省 衡水市 桃城区
30%
山西省 太原市 杏花岭区
30%
山西省 太原市 阳曲县
30%
山西省 太原市 古交市
30%
山西省 大同市 平城区
30%
山西省 大同市 云冈区
30%
山西省 阳泉市 盂县
30%
山西省 长治市 沁县
30%
山西省 晋城市 泽州县
30%
山西省 朔州市 朔城区
30%
山西省 朔州市 平鲁区
30%
山西省 朔州市 应县
30%
山西省 朔州市 右玉县
30%
山西省 晋中市 榆次区
30%
山西省 晋中市 太谷区
30%
山西省 晋中市 平遥县
30%
山西省 忻州市 原平市
30%
山西省 临汾市 襄汾县
30%
山西省 吕梁市 离石区
30%
内蒙古自治区 呼和浩特市 回民区
30%
内蒙古自治区 呼和浩特市 玉泉区
30%
内蒙古自治区 呼和浩特市 土默特左旗
30%
内蒙古自治区 呼和浩特市 清水河县
30%
内蒙古自治区 包头市 昆都仑区
30%
内蒙古自治区 包头市 石拐区
30%
内蒙古自治区 包头市 土默特右旗
30%
内蒙古自治区 包头市 达尔罕茂明安联合旗
30%
内蒙古自治区 乌海市 海勃湾区
30%
内蒙古自治区 乌海市 海南区
30%
内蒙古自治区 乌海市 乌达区
30%
内蒙古自治区 通辽市 科尔沁区
30%
内蒙古自治区 鄂尔多斯市 东胜区
30%
内蒙古自治区 鄂尔多斯市 准格尔旗
30%
内蒙古自治区 鄂尔多斯市 伊金霍洛旗
30%
内蒙古自治区 呼伦贝尔市 海拉尔区
30%
内蒙古自治区 呼伦贝尔市 扎赉诺尔区
30%
内蒙古自治区 呼伦贝尔市 牙克石市
30%
内蒙古自治区 呼伦贝尔市 额尔古纳市
30%
内蒙古自治区 巴彦淖尔市 五原县
30%
内蒙古自治区 巴彦淖尔市 磴口县
30%
内蒙古自治区 巴彦淖尔市 乌拉特中旗
30%
内蒙古自治区 巴彦淖尔市 乌拉特后旗
30%
内蒙古自治区 乌兰察布市 凉城县
30%
内蒙古自治区 乌兰察布市 丰镇市
30%
内蒙古自治区 兴安盟 阿尔山市
30%
内蒙古自治区 锡林郭勒盟 镶黄旗
30%
内蒙古自治区 锡林郭勒盟 正蓝旗
30%
辽宁省 沈阳市 沈河区
30%
辽宁省 沈阳市 大东区
30%
辽宁省 沈阳市 沈北新区
30%
辽宁省 大连市 沙河口区
30%
辽宁省 大连市 普兰店区
30%
辽宁省 大连市 庄河市
30%
辽宁省 鞍山市 千山区
30%
辽宁省 本溪市 本溪满族自治县
30%
辽宁省 营口市 盖州市
30%
辽宁省 辽阳市 灯塔市
30%
辽宁省 盘锦市 兴隆台区
30%
辽宁省 盘锦市 大洼区
30%
辽宁省 铁岭市 调兵山市
30%
辽宁省 葫芦岛市 龙港区
30%
吉林省 长春市 宽城区
30%
吉林省 长春市 农安县
30%
吉林省 吉林市 桦甸市
30%
吉林省 辽源市 西安区
30%
吉林省 通化市 东昌区
30%
吉林省 白城市 洮北区
30%
吉林省 白城市 洮南市
30%
吉林省 白城市 大安市
30%
吉林省 延边朝鲜族自治州 和龙市
30%
黑龙江省 哈尔滨市 道里区
30%
黑龙江省 哈尔滨市 道外区
30%
黑龙江省 哈尔滨市 平房区
30%
黑龙江省 哈尔滨市 香坊区
30%
黑龙江省 哈尔滨市 阿城区
30%
黑龙江省 哈尔滨市 双城区
30%
黑龙江省 齐齐哈尔市 碾子山区
30%
黑龙江省 鸡西市 鸡东县
30%
黑龙江省 鸡西市 密山市
30%
黑龙江省 鹤岗市 绥滨县
30%
黑龙江省 大庆市 大同区
30%
黑龙江省 伊春市 铁力市
30%
黑龙江省 佳木斯市 东风区
30%
黑龙江省 七台河市 茄子河区
30%
黑龙江省 牡丹江市 西安区
30%
黑龙江省 黑河市 爱辉区
30%
黑龙江省 黑河市 逊克县
30%
黑龙江省 黑河市 嫩江市
30%
江苏省 南京市 秦淮区
30%
江苏省 南京市 溧水区
30%
江苏省 南京市 高淳区
30%
江苏省 无锡市 梁溪区
30%
江苏省 无锡市 新吴区
30%
江苏省 徐州市 云龙区
30%
江苏省 徐州市 贾汪区
30%
江苏省 徐州市 睢宁县
30%
江苏省 徐州市 新沂市
30%
江苏省 徐州市 邳州市
30%
江苏省 常州市 钟楼区
30%
江苏省 南通市 启东市
30%
江苏省 南通市 海安市
30%
江苏省 连云港市 连云区
30%
江苏省 连云港市 东海县
30%
江苏省 淮安市 金湖县
30%
江苏省 盐城市 阜宁县
30%
江苏省 盐城市 建湖县
30%
江苏省 扬州市 邗江区
30%
江苏省 扬州市 仪征市
30%
江苏省 镇江市 润州区
30%
江苏省 镇江市 丹徒区
30%
江苏省 镇江市 句容市
30%
江苏省 泰州市 高港区
30%
江苏省 泰州市 姜堰区
30%
江苏省 泰州市 兴化市
30%
江苏省 泰州市 泰兴市
30%
江苏省 宿迁市 宿城区
30%
江苏省 宿迁市 宿豫区
30%
江苏省 宿迁市 泗洪县
30%
浙江省 杭州市 拱墅区
30%
浙江省 杭州市 滨江区
30%
浙江省 杭州市 富阳区
30%
浙江省 杭州市 临安区
30%
浙江省 杭州市 临平区
30%
浙江省 杭州市 建德市
30%
浙江省 宁波市 海曙区
30%
浙江省 宁波市 北仑区
30%
浙江省 宁波市 镇海区
30%
浙江省 温州市 鹿城区
30%
浙江省 温州市 洞头区
30%
浙江省 温州市 苍南县
30%
浙江省 温州市 瑞安市
30%
浙江省 温州市 龙港市
30%
浙江省 嘉兴市 南湖区
30%
浙江省 嘉兴市 平湖市
30%
浙江省 嘉兴市 桐乡市
30%
浙江省 湖州市 吴兴区
30%
浙江省 绍兴市 上虞区
30%
浙江省 绍兴市 新昌县
30%
浙江省 金华市 婺城区
30%
浙江省 金华市 武义县
30%
浙江省 金华市 东阳市
30%
浙江省 金华市 永康市
30%
浙江省 衢州市 江山市
30%
浙江省 台州市 黄岩区
30%
浙江省 台州市 温岭市
30%
浙江省 台州市 临海市
30%
浙江省 丽水市 缙云县
30%
安徽省 合肥市 庐阳区
30%
安徽省 芜湖市 鸠江区
30%
安徽省 淮南市 田家庵区
30%
安徽省 淮南市 八公山区
30%
安徽省 马鞍山市 雨山区
30%
安徽省 淮北市 濉溪县
30%
安徽省 黄山市 屯溪区
30%
安徽省 黄山市 休宁县
30%
安徽省 黄山市 黟县
30%
安徽省 滁州市 全椒县
30%
安徽省 滁州市 定远县
30%
安徽省 滁州市 明光市
30%
安徽省 六安市 裕安区
30%
安徽省 六安市 叶集区
30%
安徽省 六安市 霍邱县
30%
安徽省 宣城市 宁国市
30%
安徽省 宣城市 广德市
30%
福建省 福州市 台江区
30%
福建省 福州市 马尾区
30%
福建省 福州市 晋安区
30%
福建省 福州市 闽清县
30%
福建省 福州市 福清市
30%
福建省 厦门市 翔安区
30%
福建省 莆田市 荔城区
30%
福建省 莆田市 秀屿区
30%
福建省 莆田市 仙游县
30%
福建省 三明市 沙县区
30%
福建省 三明市 大田县
30%
福建省 泉州市 晋江市
30%
福建省 漳州市 芗城区
30%
福建省 漳州市 云霄县
30%
福建省 漳州市 诏安县
30%
福建省 龙岩市 漳平市
30%
福建省 宁德市 蕉城区
30%
福建省 宁德市 柘荣县
30%
福建省 宁德市 福安市
30%
江西省 南昌市 东湖区
30%
江西省 南昌市 新建区
30%
江西省 九江市 共青城市
30%
江西省 赣州市 瑞金市
30%
江西省 宜春市 丰城市
30%
江西省 上饶市 铅山县
30%
山东省 济南市 天桥区
30%
山东省 济南市 章丘区
30%
山东省 济南市 莱芜区
30%
山东省 济南市 钢城区
30%
山东省 济南市 商河县
30%
山东省 青岛市 黄岛区
30%
山东省 青岛市 崂山区
30%
山东省 青岛市 李沧区
30%
山东省 青岛市 城阳区
30%
山东省 青岛市 即墨区
30%
山东省 青岛市 胶州市
30%
山东省 淄博市 淄川区
30%
山东省 淄博市 博山区
30%
山东省 淄博市 周村区
30%
山东省 淄博市 桓台县
30%
山东省 淄博市 高青县
30%
山东省 枣庄市 峄城区
30%
山东省 枣庄市 台儿庄区
30%
山东省 东营市 垦利区
30%
山东省 烟台市 福山区
30%
山东省 烟台市 莱山区
30%
山东省 烟台市 莱州市
30%
山东省 烟台市 海阳市
30%
山东省 潍坊市 潍城区
30%
山东省 潍坊市 坊子区
30%
山东省 潍坊市 奎文区
30%
山东省 潍坊市 诸城市
30%
山东省 潍坊市 高密市
30%
山东省 济宁市 微山县
30%
山东省 济宁市 鱼台县
30%
山东省 济宁市 梁山县
30%
山东省 济宁市 曲阜市
30%
山东省 泰安市 东平县
30%
山东省 泰安市 新泰市
30%
山东省 日照市 五莲县
30%
山东省 临沂市 罗庄区
30%
山东省 临沂市 沂水县
30%
山东省 临沂市 平邑县
30%
山东省 临沂市 莒南县
30%
山东省 临沂市 蒙阴县
30%
山东省 德州市 陵城区
30%
山东省 德州市 平原县
30%
山东省 聊城市 东昌府区
30%
山东省 聊城市 茌平区
30%
山东省 聊城市 冠县
30%
山东省 滨州市 沾化区
30%
山东省 滨州市 惠民县
30%
山东省 滨州市 阳信县
30%
山东省 滨州市 无棣县
30%
山东省 滨州市 博兴县
30%
山东省 菏泽市 牡丹区
30%
山东省 菏泽市 定陶区
30%
山东省 菏泽市 鄄城县
30%
河南省 郑州市 中原区
30%
河南省 郑州市 上街区
30%
河南省 郑州市 巩义市
30%
河南省 郑州市 荥阳市
30%
河南省 开封市 杞县
30%
河南省 洛阳市 老城区
30%
河南省 洛阳市 西工区
30%
河南省 洛阳市 瀍河回族区
30%
河南省 洛阳市 嵩县
30%
河南省 平顶山市 舞钢市
30%
河南省 安阳市 殷都区
30%
河南省 安阳市 汤阴县
30%
河南省 安阳市 滑县
30%
河南省 安阳市 内黄县
30%
河南省 鹤壁市 鹤山区
30%
河南省 鹤壁市 浚县
30%
河南省 新乡市 红旗区
30%
河南省 新乡市 延津县
30%
河南省 新乡市 卫辉市
30%
河南省 新乡市 辉县市
30%
河南省 焦作市 修武县
30%
河南省 焦作市 沁阳市
30%
河南省 许昌市 建安区
30%
河南省 许昌市 长葛市
30%
河南省 三门峡市 湖滨区
30%
河南省 三门峡市 陕州区
30%
河南省 南阳市 宛城区
30%
河南省 南阳市 西峡县
30%
河南省 信阳市 商城县
30%
河南省 信阳市 息县
30%
河南省 周口市 淮阳区
30%
河南省 周口市 郸城县
30%
湖北省 武汉市 江岸区
30%
湖北省 十堰市 郧西县
30%
湖北省 宜昌市 伍家岗区
30%
湖北省 宜昌市 当阳市
30%
湖北省 宜昌市 枝江市
30%
湖北省 襄阳市 襄州区
30%
湖北省 襄阳市 宜城市
30%
湖北省 荆门市 钟祥市
30%
湖北省 荆州市 石首市
30%
湖北省 荆州市 洪湖市
30%
湖北省 荆州市 松滋市
30%
湖北省 荆州市 监利市
30%
湖北省 黄冈市 黄梅县
30%
湖北省 咸宁市 赤壁市
30%
湖北省 随州市 随县
30%
湖北省 随州市 广水市
30%
湖北省 恩施土家族苗族自治州 恩施市
30%
湖北省 恩施土家族苗族自治州 来凤县
30%
湖南省 长沙市 望城区
30%
湖南省 株洲市 炎陵县
30%
湖南省 株洲市 醴陵市
30%
湖南省 湘潭市 湘潭县
30%
湖南省 湘潭市 湘乡市
30%
湖南省 衡阳市 蒸湘区
30%
湖南省 衡阳市 衡山县
30%
湖南省 邵阳市 邵阳县
30%
湖南省 岳阳市 君山区
30%
湖南省 常德市 临澧县
30%
湖南省 常德市 桃源县
30%
湖南省 永州市 冷水滩区
30%
湖南省 永州市 道县
30%
湖南省 怀化市 溆浦县
30%
湖南省 湘西土家族苗族自治州 吉首市
30%
广东省 广州市 天河区
30%
广东省 韶关市 武江区
30%
广东省 韶关市 曲江区
30%
广东省 韶关市 翁源县
30%
广东省 深圳市 宝安区
30%
广东省 深圳市 坪山区
30%
广东省 珠海市 香洲区
30%
广东省 珠海市 金湾区
30%
广东省 佛山市 高明区
30%
广东省 江门市 台山市
30%
广东省 江门市 鹤山市
30%
广东省 湛江市 坡头区
30%
广东省 湛江市 麻章区
30%
广东省 湛江市 遂溪县
30%
广东省 茂名市 茂南区
30%
广东省 茂名市 高州市
30%
广东省 肇庆市 鼎湖区
30%
广东省 惠州市 惠城区
30%
广东省 梅州市 蕉岭县
30%
广东省 梅州市 兴宁市
30%
广东省 阳江市 阳西县
30%
广东省 阳江市 阳春市
30%
广东省 清远市 英德市
30%
广东省 潮州市 潮安区
30%
广东省 揭阳市 榕城区
30%
广东省 揭阳市 揭东区
30%
广东省 揭阳市 普宁市
30%
广西壮族自治区 南宁市 兴宁区
30%
广西壮族自治区 南宁市 邕宁区
30%
广西壮族自治区 柳州市 柳江区
30%
广西壮族自治区 桂林市 七星区
30%
广西壮族自治区 桂林市 阳朔县
30%
广西壮族自治区 桂林市 龙胜各族自治县
30%
广西壮族自治区 梧州市 苍梧县
30%
广西壮族自治区 梧州市 藤县
30%
广西壮族自治区 北海市 银海区
30%
广西壮族自治区 防城港市 防城区
30%
广西壮族自治区 贺州市 钟山县
30%
海南省 海口市 琼山区
30%
海南省 三亚市 海棠区
30%
海南省 三亚市 崖州区
30%
重庆市 (直辖) 黔江区
30%
重庆市 (直辖) 江津区
30%
重庆市 (直辖) 永川区
30%
重庆市 (直辖) 南川区
30%
重庆市 (直辖) 铜梁区
30%
重庆市 (直辖) 荣昌区
30%
重庆市 (直辖) 丰都县
30%
四川省 成都市 温江区
30%
四川省 成都市 双流区
30%
四川省 成都市 都江堰市
30%
四川省 成都市 彭州市
30%
四川省 自贡市 大安区
30%
四川省 攀枝花市 米易县
30%
四川省 德阳市 什邡市
30%
四川省 德阳市 绵竹市
30%
四川省 绵阳市 江油市
30%
四川省 广元市 青川县
30%
四川省 内江市 资中县
30%
四川省 雅安市 雨城区
30%
四川省 巴中市 通江县
30%
四川省 巴中市 平昌县
30%
四川省 阿坝藏族羌族自治州 小金县
30%
四川省 甘孜藏族自治州 康定市
30%
四川省 甘孜藏族自治州 石渠县
30%
四川省 甘孜藏族自治州 理塘县
30%
四川省 凉山彝族自治州 冕宁县
30%
贵州省 六盘水市 钟山区
30%
贵州省 六盘水市 盘州市
30%
贵州省 遵义市 习水县
30%
贵州省 遵义市 仁怀市
30%
贵州省 黔东南苗族侗族自治州 台江县
30%
贵州省 黔南布依族苗族自治州 荔波县
30%
云南省 昆明市 官渡区
30%
云南省 昆明市 东川区
30%
云南省 昆明市 呈贡区
30%
云南省 昆明市 安宁市
30%
云南省 丽江市 玉龙纳西族自治县
30%
云南省 丽江市 宁蒗彝族自治县
30%
云南省 普洱市 思茅区
30%
云南省 大理白族自治州 云龙县
30%
西藏自治区 日喀则市 南木林县
30%
西藏自治区 日喀则市 谢通门县
30%
西藏自治区 昌都市 八宿县
30%
西藏自治区 林芝市 工布江达县
30%
西藏自治区 林芝市 察隅县
30%
西藏自治区 林芝市 朗县
30%
西藏自治区 山南市 错那市
30%
西藏自治区 那曲市 双湖县
30%
陕西省 西安市 灞桥区
30%
陕西省 西安市 高陵区
30%
陕西省 西安市 鄠邑区
30%
陕西省 西安市 蓝田县
30%
陕西省 铜川市 耀州区
30%
陕西省 宝鸡市 渭滨区
30%
陕西省 咸阳市 泾阳县
30%
陕西省 咸阳市 兴平市
30%
陕西省 延安市 志丹县
30%
陕西省 延安市 黄龙县
30%
陕西省 汉中市 西乡县
30%
陕西省 汉中市 勉县
30%
陕西省 汉中市 宁强县
30%
陕西省 榆林市 清涧县
30%
陕西省 安康市 汉滨区
30%
甘肃省 兰州市 安宁区
30%
甘肃省 兰州市 红古区
30%
甘肃省 兰州市 永登县
30%
甘肃省 兰州市 皋兰县
30%
甘肃省 金昌市 永昌县
30%
甘肃省 天水市 清水县
30%
甘肃省 武威市 民勤县
30%
甘肃省 张掖市 肃南裕固族自治县
30%
甘肃省 张掖市 临泽县
30%
甘肃省 平凉市 崆峒区
30%
甘肃省 平凉市 华亭市
30%
甘肃省 酒泉市 金塔县
30%
甘肃省 定西市 漳县
30%
甘肃省 甘南藏族自治州 舟曲县
30%
甘肃省 甘南藏族自治州 玛曲县
30%
青海省 西宁市 城东区
30%
青海省 海东市 平安区
30%
青海省 海东市 化隆回族自治县
30%
青海省 海北藏族自治州 门源回族自治县
30%
青海省 海北藏族自治州 祁连县
30%
青海省 海北藏族自治州 海晏县
30%
青海省 黄南藏族自治州 同仁市
30%
青海省 果洛藏族自治州 久治县
30%
青海省 玉树藏族自治州 杂多县
30%
青海省 玉树藏族自治州 称多县
30%
青海省 玉树藏族自治州 治多县
30%
青海省 海西蒙古族藏族自治州 都兰县
30%
青海省 海西蒙古族藏族自治州 天峻县
30%
宁夏回族自治区 银川市 贺兰县
30%
宁夏回族自治区 石嘴山市 惠农区
30%
宁夏回族自治区 吴忠市 盐池县
30%
宁夏回族自治区 吴忠市 同心县
30%
宁夏回族自治区 固原市 泾源县
30%
宁夏回族自治区 中卫市 沙坡头区
30%
新疆维吾尔自治区 乌鲁木齐市 天山区
30%
新疆维吾尔自治区 乌鲁木齐市 沙依巴克区
30%
新疆维吾尔自治区 乌鲁木齐市 新市区
30%
新疆维吾尔自治区 乌鲁木齐市 米东区
30%
新疆维吾尔自治区 吐鲁番市 高昌区
30%
新疆维吾尔自治区 巴音郭楞蒙古自治州 博湖县
30%
新疆维吾尔自治区 阿克苏地区 库车市
30%
新疆维吾尔自治区 克孜勒苏柯尔克孜自治州 阿图什市
30%
新疆维吾尔自治区 克孜勒苏柯尔克孜自治州 乌恰县
30%
新疆维吾尔自治区 喀什地区 疏附县
30%
新疆维吾尔自治区 喀什地区 疏勒县
30%
新疆维吾尔自治区 喀什地区 泽普县
30%
新疆维吾尔自治区 喀什地区 伽师县
30%
新疆维吾尔自治区 喀什地区 塔什库尔干塔吉克自治县
30%
新疆维吾尔自治区 和田地区 民丰县
30%
新疆维吾尔自治区 和田地区 和安县
30%
新疆维吾尔自治区 和田地区 和康县
30%
新疆维吾尔自治区 伊犁哈萨克自治州 奎屯市
30%
新疆维吾尔自治区 伊犁哈萨克自治州 特克斯县
30%
新疆维吾尔自治区 塔城地区 乌苏市
30%
新疆维吾尔自治区 阿勒泰地区 阿勒泰市
30%
新疆维吾尔自治区 阿勒泰地区 布尔津县
30%
新疆维吾尔自治区 阿勒泰地区 富蕴县
30%
新疆维吾尔自治区 阿勒泰地区 福海县
30%
新疆维吾尔自治区 (直辖) 胡杨河市
30%
河北省 石家庄市 藁城区
20%
河北省 石家庄市 赞皇县
20%
河北省 石家庄市 无极县
20%
河北省 石家庄市 平山县
20%
河北省 石家庄市 晋州市
20%
河北省 唐山市 乐亭县
20%
河北省 邯郸市 邯山区
20%
河北省 邯郸市 鸡泽县
20%
河北省 邯郸市 广平县
20%
河北省 邢台市 巨鹿县
20%
河北省 邢台市 清河县
20%
河北省 保定市 竞秀区
20%
河北省 保定市 满城区
20%
河北省 保定市 阜平县
20%
河北省 保定市 蠡县
20%
河北省 张家口市 康保县
20%
河北省 张家口市 阳原县
20%
河北省 张家口市 怀安县
20%
河北省 承德市 双滦区
20%
河北省 承德市 丰宁满族自治县
20%
河北省 承德市 平泉市
20%
河北省 沧州市 南皮县
20%
河北省 沧州市 孟村回族自治县
20%
河北省 沧州市 任丘市
20%
河北省 沧州市 黄骅市
20%
河北省 廊坊市 固安县
20%
河北省 廊坊市 霸州市
20%
河北省 衡水市 冀州区
20%
河北省 衡水市 安平县
20%
河北省 衡水市 深州市
20%
山西省 太原市 晋源区
20%
山西省 太原市 清徐县
20%
山西省 大同市 天镇县
20%
山西省 大同市 左云县
20%
山西省 长治市 屯留区
20%
山西省 长治市 潞城区
20%
山西省 长治市 襄垣县
20%
山西省 长治市 长子县
20%
山西省 朔州市 山阴县
20%
山西省 朔州市 怀仁市
20%
山西省 运城市 盐湖区
20%
山西省 运城市 闻喜县
20%
山西省 运城市 芮城县
20%
山西省 运城市 河津市
20%
山西省 忻州市 忻府区
20%
山西省 忻州市 代县
20%
山西省 临汾市 侯马市
20%
山西省 临汾市 霍州市
20%
山西省 吕梁市 交城县
20%
山西省 吕梁市 柳林县
20%
内蒙古自治区 呼和浩特市 托克托县
20%
内蒙古自治区 呼和浩特市 和林格尔县
20%
内蒙古自治区 呼和浩特市 武川县
20%
内蒙古自治区 包头市 东河区
20%
内蒙古自治区 包头市 九原区
20%
内蒙古自治区 赤峰市 松山区
20%
内蒙古自治区 赤峰市 阿鲁科尔沁旗
20%
内蒙古自治区 赤峰市 巴林左旗
20%
内蒙古自治区 赤峰市 巴林右旗
20%
内蒙古自治区 赤峰市 林西县
20%
内蒙古自治区 赤峰市 克什克腾旗
20%
内蒙古自治区 赤峰市 翁牛特旗
20%
内蒙古自治区 赤峰市 宁城县
20%
内蒙古自治区 赤峰市 敖汉旗
20%
内蒙古自治区 通辽市 科尔沁左翼中旗
20%
内蒙古自治区 通辽市 科尔沁左翼后旗
20%
内蒙古自治区 通辽市 开鲁县
20%
内蒙古自治区 通辽市 库伦旗
20%
内蒙古自治区 通辽市 扎鲁特旗
20%
内蒙古自治区 通辽市 霍林郭勒市
20%
内蒙古自治区 鄂尔多斯市 达拉特旗
20%
内蒙古自治区 鄂尔多斯市 鄂托克前旗
20%
内蒙古自治区 鄂尔多斯市 鄂托克旗
20%
内蒙古自治区 鄂尔多斯市 杭锦旗
20%
内蒙古自治区 呼伦贝尔市 鄂伦春自治旗
20%
内蒙古自治区 呼伦贝尔市 鄂温克族自治旗
20%
内蒙古自治区 呼伦贝尔市 陈巴尔虎旗
20%
内蒙古自治区 呼伦贝尔市 新巴尔虎左旗
20%
内蒙古自治区 呼伦贝尔市 新巴尔虎右旗
20%
内蒙古自治区 呼伦贝尔市 扎兰屯市
20%
内蒙古自治区 巴彦淖尔市 临河区
20%
内蒙古自治区 巴彦淖尔市 乌拉特前旗
20%
内蒙古自治区 巴彦淖尔市 杭锦后旗
20%
内蒙古自治区 乌兰察布市 集宁区
20%
内蒙古自治区 乌兰察布市 卓资县
20%
内蒙古自治区 乌兰察布市 兴和县
20%
内蒙古自治区 乌兰察布市 四子王旗
20%
内蒙古自治区 兴安盟 科尔沁右翼前旗
20%
内蒙古自治区 兴安盟 科尔沁右翼中旗
20%
内蒙古自治区 锡林郭勒盟 苏尼特左旗
20%
内蒙古自治区 锡林郭勒盟 苏尼特右旗
20%
内蒙古自治区 锡林郭勒盟 东乌珠穆沁旗
20%
内蒙古自治区 锡林郭勒盟 正镶白旗
20%
辽宁省 沈阳市 皇姑区
20%
辽宁省 沈阳市 苏家屯区
20%
辽宁省 沈阳市 浑南区
20%
辽宁省 沈阳市 于洪区
20%
辽宁省 沈阳市 辽中区
20%
辽宁省 沈阳市 康平县
20%
辽宁省 沈阳市 法库县
20%
辽宁省 沈阳市 新民市
20%
辽宁省 大连市 长海县
20%
辽宁省 鞍山市 立山区
20%
辽宁省 抚顺市 抚顺县
20%
辽宁省 本溪市 平山区
20%
辽宁省 丹东市 振兴区
20%
辽宁省 丹东市 振安区
20%
辽宁省 锦州市 凌海市
20%
辽宁省 营口市 老边区
20%
辽宁省 营口市 大石桥市
20%
辽宁省 阜新市 太平区
20%
辽宁省 盘锦市 双台子区
20%
辽宁省 铁岭市 清河区
20%
辽宁省 铁岭市 铁岭县
20%
辽宁省 铁岭市 西丰县
20%
辽宁省 铁岭市 昌图县
20%
辽宁省 铁岭市 开原市
20%
辽宁省 朝阳市 凌源市
20%
辽宁省 葫芦岛市 兴城市
20%
吉林省 长春市 二道区
20%
吉林省 长春市 公主岭市
20%
吉林省 吉林市 船营区
20%
吉林省 吉林市 丰满区
20%
吉林省 吉林市 蛟河市
20%
吉林省 吉林市 舒兰市
20%
吉林省 吉林市 磐石市
20%
吉林省 通化市 集安市
20%
吉林省 白山市 抚松县
20%
吉林省 白山市 靖宇县
20%
吉林省 松原市 前郭尔罗斯蒙古族自治县
20%
吉林省 白城市 镇赉县
20%
吉林省 白城市 通榆县
20%
吉林省 延边朝鲜族自治州 汪清县
20%
吉林省 延边朝鲜族自治州 安图县
20%
黑龙江省 哈尔滨市 南岗区
20%
黑龙江省 哈尔滨市 呼兰区
20%
黑龙江省 哈尔滨市 巴彦县
20%
黑龙江省 哈尔滨市 尚志市
20%
黑龙江省 齐齐哈尔市 铁锋区
20%
黑龙江省 齐齐哈尔市 昂昂溪区
20%
黑龙江省 齐齐哈尔市 富拉尔基区
20%
黑龙江省 齐齐哈尔市 梅里斯达斡尔族区
20%
黑龙江省 齐齐哈尔市 甘南县
20%
黑龙江省 齐齐哈尔市 拜泉县
20%
黑龙江省 齐齐哈尔市 讷河市
20%
黑龙江省 鸡西市 鸡冠区
20%
黑龙江省 鸡西市 虎林市
20%
黑龙江省 鹤岗市 兴山区
20%
黑龙江省 鹤岗市 萝北县
20%
黑龙江省 伊春市 友好区
20%
黑龙江省 伊春市 大箐山县
20%
黑龙江省 佳木斯市 前进区
20%
黑龙江省 佳木斯市 富锦市
20%
黑龙江省 七台河市 新兴区
20%
黑龙江省 七台河市 桃山区
20%
黑龙江省 七台河市 勃利县
20%
黑龙江省 牡丹江市 东安区
20%
黑龙江省 牡丹江市 东宁市
20%
黑龙江省 黑河市 北安市
20%
黑龙江省 绥化市 肇东市
20%
黑龙江省 大兴安岭地区 呼玛县
20%
黑龙江省 大兴安岭地区 塔河县
20%
江苏省 徐州市 泉山区
20%
江苏省 淮安市 涟水县
20%
江苏省 盐城市 亭湖区
20%
江苏省 盐城市 盐都区
20%
江苏省 扬州市 广陵区
20%
江苏省 扬州市 江都区
20%
江苏省 镇江市 京口区
20%
江苏省 镇江市 扬中市
20%
江苏省 泰州市 海陵区
20%
江苏省 宿迁市 沭阳县
20%
浙江省 杭州市 淳安县
20%
浙江省 温州市 龙湾区
20%
浙江省 温州市 瓯海区
20%
浙江省 温州市 乐清市
20%
浙江省 嘉兴市 嘉善县
20%
浙江省 湖州市 长兴县
20%
浙江省 湖州市 安吉县
20%
浙江省 绍兴市 诸暨市
20%
浙江省 金华市 磐安县
20%
浙江省 金华市 兰溪市
20%
浙江省 衢州市 衢江区
20%
浙江省 衢州市 开化县
20%
浙江省 台州市 椒江区
20%
浙江省 台州市 三门县
20%
浙江省 台州市 天台县
20%
浙江省 台州市 仙居县
20%
浙江省 台州市 玉环市
20%
浙江省 丽水市 莲都区
20%
浙江省 丽水市 青田县
20%
浙江省 丽水市 景宁畲族自治县
20%
安徽省 合肥市 长丰县
20%
安徽省 合肥市 庐江县
20%
安徽省 芜湖市 弋江区
20%
安徽省 芜湖市 湾沚区
20%
安徽省 芜湖市 繁昌区
20%
安徽省 淮南市 凤台县
20%
安徽省 马鞍山市 花山区
20%
安徽省 马鞍山市 博望区
20%
安徽省 马鞍山市 当涂县
20%
安徽省 铜陵市 铜官区
20%
安徽省 铜陵市 义安区
20%
安徽省 安庆市 迎江区
20%
安徽省 安庆市 太湖县
20%
安徽省 黄山市 祁门县
20%
安徽省 滁州市 南谯区
20%
安徽省 滁州市 来安县
20%
安徽省 阜阳市 阜南县
20%
安徽省 阜阳市 颍上县
20%
安徽省 阜阳市 界首市
20%
安徽省 宿州市 埇桥区
20%
安徽省 宿州市 砀山县
20%
安徽省 六安市 金安区
20%
安徽省 六安市 舒城县
20%
安徽省 池州市 贵池区
20%
安徽省 宣城市 宣州区
20%
安徽省 宣城市 绩溪县
20%
福建省 莆田市 城厢区
20%
福建省 三明市 三元区
20%
福建省 漳州市 龙海区
20%
福建省 漳州市 漳浦县
20%
福建省 南平市 建瓯市
20%
福建省 龙岩市 新罗区
20%
福建省 龙岩市 长汀县
20%
福建省 龙岩市 武平县
20%
福建省 宁德市 古田县
20%
江西省 南昌市 青云谱区
20%
江西省 南昌市 青山湖区
20%
江西省 九江市 浔阳区
20%
江西省 九江市 瑞昌市
20%
江西省 新余市 渝水区
20%
江西省 新余市 分宜县
20%
江西省 鹰潭市 贵溪市
20%
江西省 赣州市 赣县区
20%
江西省 吉安市 吉安县
20%
江西省 宜春市 樟树市
20%
江西省 抚州市 东乡区
20%
山东省 济南市 槐荫区
20%
山东省 济南市 平阴县
20%
山东省 淄博市 张店区
20%
山东省 淄博市 沂源县
20%
山东省 枣庄市 薛城区
20%
山东省 枣庄市 山亭区
20%
山东省 东营市 利津县
20%
山东省 东营市 广饶县
20%
山东省 烟台市 牟平区
20%
山东省 潍坊市 临朐县
20%
山东省 潍坊市 昌乐县
20%
山东省 潍坊市 安丘市
20%
山东省 济宁市 任城区
20%
山东省 济宁市 兖州区
20%
山东省 济宁市 金乡县
20%
山东省 济宁市 嘉祥县
20%
山东省 济宁市 汶上县
20%
山东省 济宁市 泗水县
20%
山东省 济宁市 邹城市
20%
山东省 泰安市 宁阳县
20%
山东省 泰安市 肥城市
20%
山东省 临沂市 沂南县
20%
山东省 临沂市 郯城县
20%
山东省 临沂市 兰陵县
20%
山东省 临沂市 费县
20%
山东省 临沂市 临沭县
20%
山东省 德州市 德城区
20%
山东省 德州市 宁津县
20%
山东省 德州市 庆云县
20%
山东省 德州市 临邑县
20%
山东省 德州市 齐河县
20%
山东省 德州市 夏津县
20%
山东省 聊城市 阳谷县
20%
山东省 聊城市 高唐县
20%
山东省 聊城市 临清市
20%
山东省 滨州市 滨城区
20%
山东省 菏泽市 巨野县
20%
山东省 菏泽市 郓城县
20%
河南省 开封市 禹王台区
20%
河南省 开封市 兰考县
20%
河南省 洛阳市 偃师区
20%
河南省 洛阳市 孟津区
20%
河南省 洛阳市 洛龙区
20%
河南省 洛阳市 新安县
20%
河南省 平顶山市 鲁山县
20%
河南省 平顶山市 汝州市
20%
河南省 新乡市 卫滨区
20%
河南省 新乡市 新乡县
20%
河南省 新乡市 获嘉县
20%
河南省 新乡市 长垣市
20%
河南省 焦作市 解放区
20%
河南省 焦作市 中站区
20%
河南省 焦作市 马村区
20%
河南省 焦作市 博爱县
20%
河南省 焦作市 武陟县
20%
河南省 濮阳市 清丰县
20%
河南省 许昌市 魏都区
20%
河南省 许昌市 鄢陵县
20%
河南省 许昌市 禹州市
20%
河南省 漯河市 郾城区
20%
河南省 漯河市 临颍县
20%
河南省 南阳市 卧龙区
20%
河南省 南阳市 方城县
20%
河南省 南阳市 淅川县
20%
河南省 南阳市 桐柏县
20%
河南省 南阳市 邓州市
20%
河南省 商丘市 虞城县
20%
河南省 商丘市 夏邑县
20%
河南省 信阳市 固始县
20%
河南省 周口市 西华县
20%
河南省 周口市 商水县
20%
河南省 周口市 沈丘县
20%
河南省 驻马店市 驿城区
20%
河南省 驻马店市 上蔡县
20%
河南省 驻马店市 泌阳县
20%
河南省 驻马店市 汝南县
20%
湖北省 武汉市 汉南区
20%
湖北省 武汉市 蔡甸区
20%
湖北省 武汉市 新洲区
20%
湖北省 黄石市 黄石港区
20%
湖北省 黄石市 西塞山区
20%
湖北省 黄石市 大冶市
20%
湖北省 宜昌市 西陵区
20%
湖北省 宜昌市 夷陵区
20%
湖北省 宜昌市 远安县
20%
湖北省 宜昌市 兴山县
20%
湖北省 襄阳市 老河口市
20%
湖北省 襄阳市 枣阳市
20%
湖北省 鄂州市 梁子湖区
20%
湖北省 鄂州市 鄂城区
20%
湖北省 荆门市 京山市
20%
湖北省 孝感市 孝南区
20%
湖北省 孝感市 云梦县
20%
湖北省 荆州市 公安县
20%
湖北省 黄冈市 红安县
20%
湖北省 黄冈市 蕲春县
20%
湖北省 咸宁市 咸安区
20%
湖北省 恩施土家族苗族自治州 建始县
20%
湖北省 恩施土家族苗族自治州 咸丰县
20%
湖北省 (直辖) 神农架林区
20%
湖南省 株洲市 攸县
20%
湖南省 湘潭市 雨湖区
20%
湖南省 湘潭市 岳塘区
20%
湖南省 衡阳市 珠晖区
20%
湖南省 衡阳市 雁峰区
20%
湖南省 衡阳市 石鼓区
20%
湖南省 衡阳市 南岳区
20%
湖南省 衡阳市 衡阳县
20%
湖南省 衡阳市 祁东县
20%
湖南省 衡阳市 常宁市
20%
湖南省 邵阳市 武冈市
20%
湖南省 邵阳市 邵东市
20%
湖南省 岳阳市 平江县
20%
湖南省 常德市 武陵区
20%
湖南省 常德市 津市市
20%
湖南省 益阳市 沅江市
20%
湖南省 永州市 零陵区
20%
湖南省 永州市 东安县
20%
湖南省 怀化市 鹤城区
20%
湖南省 怀化市 沅陵县
20%
广东省 韶关市 浈江区
20%
广东省 韶关市 乳源瑶族自治县
20%
广东省 韶关市 南雄市
20%
广东省 珠海市 斗门区
20%
广东省 汕头市 龙湖区
20%
广东省 汕头市 金平区
20%
广东省 汕头市 潮南区
20%
广东省 汕头市 南澳县
20%
广东省 江门市 蓬江区
20%
广东省 江门市 江海区
20%
广东省 江门市 新会区
20%
广东省 江门市 恩平市
20%
广东省 湛江市 霞山区
20%
广东省 茂名市 化州市
20%
广东省 茂名市 信宜市
20%
广东省 肇庆市 高要区
20%
广东省 肇庆市 封开县
20%
广东省 肇庆市 德庆县
20%
广东省 肇庆市 四会市
20%
广东省 惠州市 龙门县
20%
广东省 梅州市 平远县
20%
广东省 河源市 源城区
20%
广东省 阳江市 阳东区
20%
广东省 清远市 佛冈县
20%
广东省 清远市 阳山县
20%
广东省 潮州市 湘桥区
20%
广东省 揭阳市 惠来县
20%
广东省 云浮市 云城区
20%
广东省 云浮市 云安区
20%
广东省 云浮市 新兴县
20%
广东省 云浮市 郁南县
20%
广东省 云浮市 罗定市
20%
广西壮族自治区 南宁市 青秀区
20%
广西壮族自治区 南宁市 江南区
20%
广西壮族自治区 南宁市 横州市
20%
广西壮族自治区 柳州市 柳南区
20%
广西壮族自治区 柳州市 柳北区
20%
广西壮族自治区 柳州市 柳城县
20%
广西壮族自治区 柳州市 三江侗族自治县
20%
广西壮族自治区 桂林市 叠彩区
20%
广西壮族自治区 桂林市 全州县
20%
广西壮族自治区 桂林市 荔浦市
20%
广西壮族自治区 钦州市 钦南区
20%
广西壮族自治区 钦州市 钦北区
20%
广西壮族自治区 百色市 右江区
20%
广西壮族自治区 百色市 田东县
20%
广西壮族自治区 百色市 田林县
20%
广西壮族自治区 百色市 隆林各族自治县
20%
广西壮族自治区 贺州市 八步区
20%
广西壮族自治区 河池市 金城江区
20%
广西壮族自治区 来宾市 兴宾区
20%
广西壮族自治区 崇左市 龙州县
20%
广西壮族自治区 崇左市 凭祥市
20%
重庆市 (直辖) 合川区
20%
重庆市 (直辖) 潼南区
20%
重庆市 (直辖) 武隆区
20%
重庆市 (直辖) 垫江县
20%
重庆市 (直辖) 秀山土家族苗族自治县
20%
四川省 成都市 成华区
20%
四川省 成都市 新都区
20%
四川省 成都市 新津区
20%
四川省 成都市 大邑县
20%
四川省 成都市 崇州市
20%
四川省 自贡市 自流井区
20%
四川省 自贡市 贡井区
20%
四川省 攀枝花市 仁和区
20%
四川省 泸州市 合江县
20%
四川省 德阳市 广汉市
20%
四川省 广元市 朝天区
20%
四川省 广元市 剑阁县
20%
四川省 遂宁市 射洪市
20%
四川省 乐山市 沙湾区
20%
四川省 乐山市 犍为县
20%
四川省 南充市 西充县
20%
四川省 南充市 阆中市
20%
四川省 眉山市 东坡区
20%
四川省 宜宾市 叙州区
20%
四川省 宜宾市 兴文县
20%
四川省 宜宾市 屏山县
20%
四川省 广安市 广安区
20%
四川省 广安市 岳池县
20%
四川省 广安市 武胜县
20%
四川省 广安市 华蓥市
20%
四川省 达州市 渠县
20%
四川省 达州市 万源市
20%
四川省 巴中市 巴州区
20%
四川省 资阳市 乐至县
20%
四川省 阿坝藏族羌族自治州 阿坝县
20%
四川省 阿坝藏族羌族自治州 若尔盖县
20%
四川省 甘孜藏族自治州 泸定县
20%
四川省 甘孜藏族自治州 丹巴县
20%
四川省 甘孜藏族自治州 新龙县
20%
四川省 甘孜藏族自治州 巴塘县
20%
四川省 凉山彝族自治州 盐源县
20%
四川省 凉山彝族自治州 昭觉县
20%
四川省 凉山彝族自治州 雷波县
20%
贵州省 贵阳市 花溪区
20%
贵州省 贵阳市 观山湖区
20%
贵州省 贵阳市 清镇市
20%
贵州省 遵义市 红花岗区
20%
贵州省 遵义市 播州区
20%
贵州省 毕节市 七星关区
20%
贵州省 黔东南苗族侗族自治州 施秉县
20%
贵州省 黔东南苗族侗族自治州 天柱县
20%
贵州省 黔东南苗族侗族自治州 锦屏县
20%
贵州省 黔南布依族苗族自治州 福泉市
20%
贵州省 黔南布依族苗族自治州 瓮安县
20%
贵州省 黔南布依族苗族自治州 独山县
20%
贵州省 黔南布依族苗族自治州 三都水族自治县
20%
云南省 昆明市 西山区
20%
云南省 曲靖市 会泽县
20%
云南省 曲靖市 宣威市
20%
云南省 玉溪市 红塔区
20%
云南省 玉溪市 元江哈尼族彝族傣族自治县
20%
云南省 玉溪市 澄江市
20%
云南省 保山市 腾冲市
20%
云南省 昭通市 盐津县
20%
云南省 昭通市 水富市
20%
云南省 楚雄彝族自治州 元谋县
20%
云南省 红河哈尼族彝族自治州 开远市
20%
云南省 红河哈尼族彝族自治州 弥勒市
20%
云南省 红河哈尼族彝族自治州 金平苗族瑶族傣族自治县
20%
云南省 文山壮族苗族自治州 麻栗坡县
20%
云南省 大理白族自治州 漾濞彝族自治县
20%
云南省 迪庆藏族自治州 德钦县
20%
云南省 迪庆藏族自治州 维西傈僳族自治县
20%
西藏自治区 拉萨市 达孜区
20%
西藏自治区 拉萨市 当雄县
20%
西藏自治区 拉萨市 墨竹工卡县
20%
西藏自治区 日喀则市 桑珠孜区
20%
西藏自治区 日喀则市 江孜县
20%
西藏自治区 日喀则市 仲巴县
20%
西藏自治区 昌都市 卡若区
20%
西藏自治区 昌都市 江达县
20%
西藏自治区 林芝市 巴宜区
20%
西藏自治区 山南市 乃东区
20%
西藏自治区 山南市 措美县
20%
西藏自治区 山南市 浪卡子县
20%
西藏自治区 那曲市 色尼区
20%
西藏自治区 那曲市 比如县
20%
西藏自治区 那曲市 索县
20%
西藏自治区 那曲市 巴青县
20%
西藏自治区 阿里地区 札达县
20%
西藏自治区 阿里地区 革吉县
20%
西藏自治区 阿里地区 改则县
20%
陕西省 西安市 阎良区
20%
陕西省 西安市 临潼区
20%
陕西省 铜川市 王益区
20%
陕西省 铜川市 印台区
20%
陕西省 铜川市 宜君县
20%
陕西省 宝鸡市 金台区
20%
陕西省 宝鸡市 眉县
20%
陕西省 咸阳市 杨陵区
20%
陕西省 咸阳市 渭城区
20%
陕西省 咸阳市 三原县
20%
陕西省 咸阳市 礼泉县
20%
陕西省 咸阳市 旬邑县
20%
陕西省 咸阳市 彬州市
20%
陕西省 渭南市 临渭区
20%
陕西省 渭南市 大荔县
20%
陕西省 渭南市 合阳县
20%
陕西省 渭南市 蒲城县
20%
陕西省 渭南市 白水县
20%
陕西省 延安市 安塞区
20%
陕西省 延安市 延川县
20%
陕西省 延安市 吴起县
20%
陕西省 延安市 甘泉县
20%
陕西省 延安市 洛川县
20%
陕西省 延安市 宜川县
20%
陕西省 延安市 黄陵县
20%
陕西省 延安市 子长市
20%
陕西省 汉中市 汉台区
20%
陕西省 汉中市 南郑区
20%
陕西省 汉中市 洋县
20%
陕西省 汉中市 略阳县
20%
陕西省 汉中市 留坝县
20%
陕西省 汉中市 佛坪县
20%
陕西省 榆林市 横山区
20%
陕西省 榆林市 吴堡县
20%
陕西省 安康市 汉阴县
20%
陕西省 安康市 石泉县
20%
陕西省 安康市 紫阳县
20%
陕西省 安康市 岚皋县
20%
陕西省 安康市 平利县
20%
甘肃省 白银市 靖远县
20%
甘肃省 白银市 会宁县
20%
甘肃省 天水市 麦积区
20%
甘肃省 天水市 张家川回族自治县
20%
甘肃省 张掖市 民乐县
20%
甘肃省 张掖市 高台县
20%
甘肃省 张掖市 山丹县
20%
甘肃省 平凉市 泾川县
20%
甘肃省 庆阳市 正宁县
20%
甘肃省 陇南市 武都区
20%
甘肃省 临夏回族自治州 积石山保安族东乡族撒拉族自治县
20%
甘肃省 甘南藏族自治州 碌曲县
20%
甘肃省 甘南藏族自治州 夏河县
20%
青海省 西宁市 湟中区
20%
青海省 海东市 民和回族土族自治县
20%
青海省 海东市 互助土族自治县
20%
青海省 海北藏族自治州 刚察县
20%
青海省 海南藏族自治州 共和县
20%
青海省 果洛藏族自治州 玛沁县
20%
青海省 果洛藏族自治州 玛多县
20%
青海省 玉树藏族自治州 囊谦县
20%
宁夏回族自治区 银川市 永宁县
20%
宁夏回族自治区 银川市 灵武市
20%
宁夏回族自治区 石嘴山市 大武口区
20%
宁夏回族自治区 固原市 西吉县
20%
宁夏回族自治区 固原市 隆德县
20%
宁夏回族自治区 固原市 彭阳县
20%
宁夏回族自治区 中卫市 中宁县
20%
新疆维吾尔自治区 乌鲁木齐市 水磨沟区
20%
新疆维吾尔自治区 乌鲁木齐市 达坂城区
20%
新疆维吾尔自治区 乌鲁木齐市 乌鲁木齐县
20%
新疆维吾尔自治区 克拉玛依市 独山子区
20%
新疆维吾尔自治区 克拉玛依市 乌尔禾区
20%
新疆维吾尔自治区 吐鲁番市 鄯善县
20%
新疆维吾尔自治区 吐鲁番市 托克逊县
20%
新疆维吾尔自治区 哈密市 伊州区
20%
新疆维吾尔自治区 哈密市 伊吾县
20%
新疆维吾尔自治区 昌吉回族自治州 木垒哈萨克自治县
20%
新疆维吾尔自治区 博尔塔拉蒙古自治州 精河县
20%
新疆维吾尔自治区 巴音郭楞蒙古自治州 轮台县
20%
新疆维吾尔自治区 巴音郭楞蒙古自治州 尉犁县
20%
新疆维吾尔自治区 巴音郭楞蒙古自治州 和静县
20%
新疆维吾尔自治区 巴音郭楞蒙古自治州 和硕县
20%
新疆维吾尔自治区 阿克苏地区 阿瓦提县
20%
新疆维吾尔自治区 喀什地区 莎车县
20%
新疆维吾尔自治区 喀什地区 叶城县
20%
新疆维吾尔自治区 喀什地区 巴楚县
20%
新疆维吾尔自治区 和田地区 墨玉县
20%
新疆维吾尔自治区 和田地区 皮山县
20%
新疆维吾尔自治区 和田地区 于田县
20%
新疆维吾尔自治区 伊犁哈萨克自治州 霍城县
20%
新疆维吾尔自治区 伊犁哈萨克自治州 新源县
20%
新疆维吾尔自治区 塔城地区 沙湾市
20%
新疆维吾尔自治区 阿勒泰地区 哈巴河县
20%
河北省 石家庄市 栾城区
10%
河北省 石家庄市 行唐县
10%
河北省 石家庄市 灵寿县
10%
河北省 石家庄市 深泽县
10%
河北省 邯郸市 肥乡区
10%
河北省 邯郸市 永年区
10%
河北省 邯郸市 临漳县
10%
河北省 邯郸市 大名县
10%
河北省 邯郸市 邱县
10%
河北省 邯郸市 曲周县
10%
河北省 邢台市 襄都区
10%
河北省 邢台市 任泽区
10%
河北省 邢台市 临城县
10%
河北省 邢台市 平乡县
10%
河北省 邢台市 临西县
10%
河北省 保定市 高阳县
10%
河北省 保定市 涞源县
10%
河北省 保定市 望都县
10%
河北省 保定市 顺平县
10%
河北省 保定市 博野县
10%
河北省 张家口市 沽源县
10%
河北省 张家口市 尚义县
10%
河北省 张家口市 怀来县
10%
河北省 张家口市 赤城县
10%
河北省 承德市 鹰手营子矿区
10%
河北省 承德市 承德县
10%
河北省 承德市 滦平县
10%
河北省 沧州市 运河区
10%
河北省 沧州市 东光县
10%
河北省 沧州市 吴桥县
10%
河北省 沧州市 泊头市
10%
河北省 廊坊市 大城县
10%
河北省 廊坊市 文安县
10%
河北省 衡水市 枣强县
10%
河北省 衡水市 故城县
10%
山西省 太原市 迎泽区
10%
山西省 大同市 新荣区
10%
山西省 大同市 云州区
10%
山西省 大同市 灵丘县
10%
山西省 阳泉市 平定县
10%
山西省 长治市 潞州区
10%
山西省 长治市 平顺县
10%
山西省 长治市 沁源县
10%
山西省 晋城市 陵川县
10%
山西省 晋城市 高平市
10%
山西省 晋中市 左权县
10%
山西省 晋中市 和顺县
10%
山西省 晋中市 灵石县
10%
山西省 晋中市 介休市
10%
山西省 运城市 万荣县
10%
山西省 运城市 稷山县
10%
山西省 运城市 新绛县
10%
山西省 运城市 绛县
10%
山西省 运城市 垣曲县
10%
山西省 运城市 平陆县
10%
山西省 忻州市 河曲县
10%
山西省 忻州市 保德县
10%
山西省 忻州市 偏关县
10%
山西省 临汾市 尧都区
10%
山西省 临汾市 洪洞县
10%
山西省 临汾市 乡宁县
10%
山西省 临汾市 汾西县
10%
山西省 吕梁市 文水县
10%
山西省 吕梁市 石楼县
10%
山西省 吕梁市 方山县
10%
山西省 吕梁市 中阳县
10%
山西省 吕梁市 交口县
10%
内蒙古自治区 通辽市 奈曼旗
10%
内蒙古自治区 鄂尔多斯市 康巴什区
10%
内蒙古自治区 鄂尔多斯市 乌审旗
10%
内蒙古自治区 呼伦贝尔市 阿荣旗
10%
内蒙古自治区 呼伦贝尔市 莫力达瓦达斡尔族自治旗
10%
内蒙古自治区 乌兰察布市 化德县
10%
内蒙古自治区 乌兰察布市 商都县
10%
内蒙古自治区 兴安盟 扎赉特旗
10%
内蒙古自治区 锡林郭勒盟 阿巴嘎旗
10%
内蒙古自治区 锡林郭勒盟 西乌珠穆沁旗
10%
内蒙古自治区 锡林郭勒盟 太仆寺旗
10%
内蒙古自治区 锡林郭勒盟 多伦县
10%
辽宁省 鞍山市 岫岩满族自治县
10%
辽宁省 鞍山市 海城市
10%
辽宁省 本溪市 溪湖区
10%
辽宁省 本溪市 明山区
10%
辽宁省 丹东市 宽甸满族自治县
10%
辽宁省 锦州市 凌河区
10%
辽宁省 锦州市 太和区
10%
辽宁省 锦州市 黑山县
10%
辽宁省 营口市 站前区
10%
辽宁省 营口市 西市区
10%
辽宁省 阜新市 新邱区
10%
辽宁省 阜新市 细河区
10%
辽宁省 辽阳市 弓长岭区
10%
辽宁省 铁岭市 银州区
10%
辽宁省 朝阳市 双塔区
10%
辽宁省 朝阳市 龙城区
10%
辽宁省 朝阳市 喀喇沁左翼蒙古族自治县
10%
辽宁省 朝阳市 北票市
10%
辽宁省 葫芦岛市 连山区
10%
辽宁省 葫芦岛市 南票区
10%
辽宁省 葫芦岛市 绥中县
10%
吉林省 长春市 南关区
10%
吉林省 长春市 双阳区
10%
吉林省 长春市 九台区
10%
吉林省 长春市 德惠市
10%
吉林省 吉林市 龙潭区
10%
吉林省 吉林市 永吉县
10%
吉林省 四平市 梨树县
10%
吉林省 四平市 伊通满族自治县
10%
吉林省 四平市 双辽市
10%
吉林省 辽源市 龙山区
10%
吉林省 辽源市 东丰县
10%
吉林省 辽源市 东辽县
10%
吉林省 通化市 二道江区
10%
吉林省 通化市 通化县
10%
吉林省 通化市 梅河口市
10%
吉林省 白山市 浑江区
10%
吉林省 白山市 临江市
10%
吉林省 松原市 长岭县
10%
吉林省 松原市 扶余市
10%
黑龙江省 哈尔滨市 依兰县
10%
黑龙江省 哈尔滨市 方正县
10%
黑龙江省 哈尔滨市 宾县
10%
黑龙江省 哈尔滨市 木兰县
10%
黑龙江省 哈尔滨市 通河县
10%
黑龙江省 哈尔滨市 延寿县
10%
黑龙江省 齐齐哈尔市 龙沙区
10%
黑龙江省 齐齐哈尔市 建华区
10%
黑龙江省 齐齐哈尔市 富裕县
10%
黑龙江省 鸡西市 恒山区
10%
黑龙江省 鸡西市 滴道区
10%
黑龙江省 鸡西市 梨树区
10%
黑龙江省 鹤岗市 工农区
10%
黑龙江省 双鸭山市 四方台区
10%
黑龙江省 双鸭山市 集贤县
10%
黑龙江省 双鸭山市 友谊县
10%
黑龙江省 双鸭山市 宝清县
10%
黑龙江省 双鸭山市 饶河县
10%
黑龙江省 大庆市 萨尔图区
10%
黑龙江省 大庆市 龙凤区
10%
黑龙江省 大庆市 让胡路区
10%
黑龙江省 大庆市 杜尔伯特蒙古族自治县
10%
黑龙江省 伊春市 伊美区
10%
黑龙江省 伊春市 嘉荫县
10%
黑龙江省 伊春市 汤旺县
10%
黑龙江省 伊春市 丰林县
10%
黑龙江省 伊春市 南岔县
10%
黑龙江省 佳木斯市 桦南县
10%
黑龙江省 牡丹江市 阳明区
10%
黑龙江省 牡丹江市 爱民区
10%
黑龙江省 牡丹江市 林口县
10%
黑龙江省 牡丹江市 海林市
10%
黑龙江省 牡丹江市 宁安市
10%
黑龙江省 牡丹江市 穆棱市
10%
黑龙江省 绥化市 庆安县
10%
黑龙江省 绥化市 安达市
10%
黑龙江省 绥化市 海伦市
10%
浙江省 温州市 永嘉县
10%
浙江省 温州市 平阳县
10%
浙江省 嘉兴市 秀洲区
10%
浙江省 嘉兴市 海盐县
10%
浙江省 金华市 浦江县
10%
浙江省 衢州市 龙游县
10%
浙江省 台州市 路桥区
10%
浙江省 丽水市 云和县
10%
安徽省 芜湖市 镜湖区
10%
安徽省 蚌埠市 蚌山区
10%
安徽省 蚌埠市 淮上区
10%
安徽省 蚌埠市 怀远县
10%
安徽省 蚌埠市 五河县
10%
安徽省 淮南市 潘集区
10%
安徽省 马鞍山市 含山县
10%
安徽省 铜陵市 枞阳县
10%
安徽省 安庆市 怀宁县
10%
安徽省 安庆市 潜山市
10%
安徽省 阜阳市 颍州区
10%
安徽省 阜阳市 颍东区
10%
安徽省 阜阳市 颍泉区
10%
安徽省 阜阳市 太和县
10%
安徽省 六安市 霍山县
10%
安徽省 亳州市 谯城区
10%
安徽省 亳州市 利辛县
10%
安徽省 池州市 东至县
10%
安徽省 池州市 石台县
10%
安徽省 宣城市 郎溪县
10%
安徽省 宣城市 旌德县
10%
福建省 福州市 连江县
10%
福建省 三明市 明溪县
10%
福建省 三明市 清流县
10%
福建省 三明市 宁化县
10%
福建省 三明市 尤溪县
10%
福建省 三明市 泰宁县
10%
福建省 三明市 永安市
10%
福建省 泉州市 丰泽区
10%
福建省 泉州市 洛江区
10%
福建省 泉州市 泉港区
10%
福建省 泉州市 德化县
10%
福建省 漳州市 龙文区
10%
福建省 漳州市 长泰区
10%
福建省 南平市 延平区
10%
福建省 南平市 建阳区
10%
福建省 南平市 邵武市
10%
福建省 龙岩市 永定区
10%
福建省 龙岩市 上杭县
10%
福建省 龙岩市 连城县
10%
福建省 宁德市 屏南县
10%
江西省 南昌市 进贤县
10%
江西省 景德镇市 珠山区
10%
江西省 景德镇市 浮梁县
10%
江西省 景德镇市 乐平市
10%
江西省 萍乡市 安源区
10%
江西省 萍乡市 莲花县
10%
江西省 九江市 濂溪区
10%
江西省 九江市 柴桑区
10%
江西省 九江市 湖口县
10%
江西省 鹰潭市 月湖区
10%
江西省 赣州市 南康区
10%
江西省 赣州市 信丰县
10%
江西省 赣州市 安远县
10%
江西省 赣州市 定南县
10%
江西省 赣州市 全南县
10%
江西省 赣州市 于都县
10%
江西省 赣州市 兴国县
10%
江西省 赣州市 寻乌县
10%
江西省 赣州市 龙南市
10%
江西省 吉安市 吉州区
10%
江西省 吉安市 青原区
10%
江西省 吉安市 新干县
10%
江西省 吉安市 泰和县
10%
江西省 宜春市 高安市
10%
江西省 抚州市 临川区
10%
江西省 抚州市 南城县
10%
江西省 抚州市 乐安县
10%
江西省 抚州市 金溪县
10%
江西省 上饶市 广信区
10%
江西省 上饶市 玉山县
10%
江西省 上饶市 弋阳县
10%
江西省 上饶市 余干县
10%
江西省 上饶市 鄱阳县
10%
江西省 上饶市 婺源县
10%
江西省 上饶市 德兴市
10%
山东省 济南市 长清区
10%
山东省 东营市 东营区
10%
山东省 德州市 武城县
10%
山东省 德州市 乐陵市
10%
山东省 滨州市 邹平市
10%
山东省 菏泽市 成武县
10%
河南省 开封市 龙亭区
10%
河南省 开封市 顺河回族区
10%
河南省 开封市 祥符区
10%
河南省 开封市 尉氏县
10%
河南省 洛阳市 栾川县
10%
河南省 洛阳市 汝阳县
10%
河南省 洛阳市 伊川县
10%
河南省 平顶山市 石龙区
10%
河南省 平顶山市 郏县
10%
河南省 安阳市 文峰区
10%
河南省 安阳市 北关区
10%
河南省 安阳市 龙安区
10%
河南省 鹤壁市 山城区
10%
河南省 鹤壁市 淇滨区
10%
河南省 新乡市 凤泉区
10%
河南省 新乡市 牧野区
10%
河南省 新乡市 原阳县
10%
河南省 新乡市 封丘县
10%
河南省 濮阳市 华龙区
10%
河南省 濮阳市 南乐县
10%
河南省 漯河市 源汇区
10%
河南省 漯河市 召陵区
10%
河南省 三门峡市 义马市
10%
河南省 南阳市 镇平县
10%
河南省 南阳市 内乡县
10%
河南省 南阳市 唐河县
10%
河南省 南阳市 新野县
10%
河南省 商丘市 梁园区
10%
河南省 商丘市 睢阳区
10%
河南省 商丘市 民权县
10%
河南省 信阳市 光山县
10%
河南省 信阳市 潢川县
10%
河南省 信阳市 淮滨县
10%
河南省 周口市 川汇区
10%
河南省 周口市 扶沟县
10%
河南省 周口市 太康县
10%
河南省 周口市 鹿邑县
10%
河南省 驻马店市 平舆县
10%
河南省 驻马店市 新蔡县
10%
湖北省 黄石市 铁山区
10%
湖北省 黄石市 阳新县
10%
湖北省 十堰市 茅箭区
10%
湖北省 宜昌市 点军区
10%
湖北省 襄阳市 谷城县
10%
湖北省 荆门市 东宝区
10%
湖北省 荆门市 沙洋县
10%
湖北省 孝感市 孝昌县
10%
湖北省 孝感市 大悟县
10%
湖北省 孝感市 安陆市
10%
湖北省 荆州市 沙市区
10%
湖北省 荆州市 江陵县
10%
湖北省 黄冈市 黄州区
10%
湖北省 黄冈市 团风县
10%
湖北省 黄冈市 浠水县
10%
湖北省 黄冈市 武穴市
10%
湖北省 咸宁市 嘉鱼县
10%
湖北省 咸宁市 通城县
10%
湖北省 咸宁市 通山县
10%
湖北省 随州市 曾都区
10%
湖南省 株洲市 茶陵县
10%
湖南省 衡阳市 衡南县
10%
湖南省 衡阳市 衡东县
10%
湖南省 邵阳市 双清区
10%
湖南省 邵阳市 隆回县
10%
湖南省 邵阳市 洞口县
10%
湖南省 邵阳市 绥宁县
10%
湖南省 邵阳市 城步苗族自治县
10%
湖南省 岳阳市 云溪区
10%
湖南省 岳阳市 湘阴县
10%
湖南省 常德市 鼎城区
10%
湖南省 常德市 安乡县
10%
湖南省 常德市 汉寿县
10%
湖南省 常德市 石门县
10%
湖南省 张家界市 永定区
10%
湖南省 张家界市 武陵源区
10%
湖南省 益阳市 安化县
10%
湖南省 郴州市 北湖区
10%
湖南省 郴州市 苏仙区
10%
湖南省 郴州市 桂阳县
10%
湖南省 郴州市 嘉禾县
10%
湖南省 郴州市 汝城县
10%
湖南省 郴州市 资兴市
10%
湖南省 永州市 双牌县
10%
湖南省 永州市 蓝山县
10%
湖南省 怀化市 麻阳苗族自治县
10%
湖南省 怀化市 芷江侗族自治县
10%
湖南省 怀化市 靖州苗族侗族自治县
10%
湖南省 怀化市 通道侗族自治县
10%
湖南省 怀化市 洪江市
10%
湖南省 娄底市 娄星区
10%
湖南省 娄底市 冷水江市
10%
湖南省 湘西土家族苗族自治州 泸溪县
10%
湖南省 湘西土家族苗族自治州 花垣县
10%
湖南省 湘西土家族苗族自治州 保靖县
10%
湖南省 湘西土家族苗族自治州 古丈县
10%
湖南省 湘西土家族苗族自治州 龙山县
10%
广东省 韶关市 始兴县
10%
广东省 韶关市 新丰县
10%
广东省 韶关市 乐昌市
10%
广东省 汕头市 濠江区
10%
广东省 汕头市 澄海区
10%
广东省 肇庆市 端州区
10%
广东省 肇庆市 怀集县
10%
广东省 梅州市 大埔县
10%
广东省 河源市 龙川县
10%
广东省 河源市 连平县
10%
广东省 阳江市 江城区
10%
广东省 清远市 清新区
10%
广东省 清远市 连山壮族瑶族自治县
10%
广东省 清远市 连南瑶族自治县
10%
广东省 清远市 连州市
10%
广东省 潮州市 饶平县
10%
广东省 揭阳市 揭西县
10%
广西壮族自治区 南宁市 西乡塘区
10%
广西壮族自治区 南宁市 良庆区
10%
广西壮族自治区 南宁市 武鸣区
10%
广西壮族自治区 桂林市 秀峰区
10%
广西壮族自治区 桂林市 临桂区
10%
广西壮族自治区 桂林市 灵川县
10%
广西壮族自治区 桂林市 灌阳县
10%
广西壮族自治区 桂林市 资源县
10%
广西壮族自治区 桂林市 恭城瑶族自治县
10%
广西壮族自治区 梧州市 蒙山县
10%
广西壮族自治区 北海市 海城区
10%
广西壮族自治区 北海市 铁山港区
10%
广西壮族自治区 防城港市 港口区
10%
广西壮族自治区 防城港市 上思县
10%
广西壮族自治区 贵港市 港北区
10%
广西壮族自治区 贵港市 港南区
10%
广西壮族自治区 贵港市 平南县
10%
广西壮族自治区 贵港市 桂平市
10%
广西壮族自治区 玉林市 博白县
10%
广西壮族自治区 玉林市 兴业县
10%
广西壮族自治区 玉林市 北流市
10%
广西壮族自治区 百色市 德保县
10%
广西壮族自治区 百色市 那坡县
10%
广西壮族自治区 百色市 凌云县
10%
广西壮族自治区 百色市 靖西市
10%
广西壮族自治区 河池市 宜州区
10%
广西壮族自治区 河池市 巴马瑶族自治县
10%
广西壮族自治区 来宾市 忻城县
10%
广西壮族自治区 来宾市 象州县
10%
广西壮族自治区 来宾市 武宣县
10%
广西壮族自治区 来宾市 金秀瑶族自治县
10%
广西壮族自治区 崇左市 江州区
10%
广西壮族自治区 崇左市 扶绥县
10%
广西壮族自治区 崇左市 宁明县
10%
广西壮族自治区 崇左市 大新县
10%
广西壮族自治区 崇左市 天等县
10%
重庆市 (直辖) 綦江区
10%
重庆市 (直辖) 长寿区
10%
重庆市 (直辖) 梁平区
10%
重庆市 (直辖) 石柱土家族自治县
10%
重庆市 (直辖) 彭水苗族土家族自治县
10%
四川省 成都市 金堂县
10%
四川省 成都市 蒲江县
10%
四川省 攀枝花市 盐边县
10%
四川省 泸州市 江阳区
10%
四川省 泸州市 龙马潭区
10%
四川省 泸州市 叙永县
10%
四川省 泸州市 古蔺县
10%
四川省 德阳市 旌阳区
10%
四川省 绵阳市 涪城区
10%
四川省 绵阳市 安州区
10%
四川省 绵阳市 盐亭县
10%
四川省 绵阳市 梓潼县
10%
四川省 绵阳市 平武县
10%
四川省 广元市 旺苍县
10%
四川省 广元市 苍溪县
10%
四川省 遂宁市 大英县
10%
四川省 内江市 隆昌市
10%
四川省 乐山市 五通桥区
10%
四川省 南充市 营山县
10%
四川省 南充市 仪陇县
10%
四川省 眉山市 彭山区
10%
四川省 眉山市 仁寿县
10%
四川省 宜宾市 翠屏区
10%
四川省 宜宾市 江安县
10%
四川省 宜宾市 筠连县
10%
四川省 广安市 前锋区
10%
四川省 广安市 邻水县
10%
四川省 达州市 通川区
10%
四川省 达州市 达川区
10%
四川省 达州市 宣汉县
10%
四川省 达州市 大竹县
10%
四川省 雅安市 名山区
10%
四川省 雅安市 荥经县
10%
四川省 雅安市 汉源县
10%
四川省 雅安市 石棉县
10%
四川省 雅安市 宝兴县
10%
四川省 巴中市 南江县
10%
四川省 阿坝藏族羌族自治州 黑水县
10%
四川省 阿坝藏族羌族自治州 红原县
10%
四川省 甘孜藏族自治州 道孚县
10%
四川省 甘孜藏族自治州 炉霍县
10%
四川省 甘孜藏族自治州 甘孜县
10%
四川省 甘孜藏族自治州 白玉县
10%
四川省 甘孜藏族自治州 色达县
10%
四川省 甘孜藏族自治州 乡城县
10%
四川省 甘孜藏族自治州 得荣县
10%
四川省 凉山彝族自治州 木里藏族自治县
10%
四川省 凉山彝族自治州 德昌县
10%
四川省 凉山彝族自治州 喜德县
10%
四川省 凉山彝族自治州 甘洛县
10%
四川省 凉山彝族自治州 美姑县
10%
贵州省 贵阳市 南明区
10%
贵州省 贵阳市 云岩区
10%
贵州省 贵阳市 乌当区
10%
贵州省 贵阳市 开阳县
10%
贵州省 贵阳市 息烽县
10%
贵州省 贵阳市 修文县
10%
贵州省 遵义市 绥阳县
10%
贵州省 遵义市 务川仡佬族苗族自治县
10%
贵州省 安顺市 平坝区
10%
贵州省 安顺市 普定县
10%
贵州省 安顺市 紫云苗族布依族自治县
10%
贵州省 毕节市 大方县
10%
贵州省 铜仁市 江口县
10%
贵州省 铜仁市 石阡县
10%
贵州省 黔西南布依族苗族自治州 安龙县
10%
贵州省 黔东南苗族侗族自治州 黄平县
10%
贵州省 黔东南苗族侗族自治州 三穗县
10%
贵州省 黔东南苗族侗族自治州 镇远县
10%
贵州省 黔东南苗族侗族自治州 黎平县
10%
贵州省 黔东南苗族侗族自治州 榕江县
10%
贵州省 黔东南苗族侗族自治州 从江县
10%
贵州省 黔南布依族苗族自治州 贵定县
10%
贵州省 黔南布依族苗族自治州 惠水县
10%
云南省 昆明市 石林彝族自治县
10%
云南省 昆明市 嵩明县
10%
云南省 昆明市 禄劝彝族苗族自治县
10%
云南省 昆明市 寻甸回族彝族自治县
10%
云南省 曲靖市 沾益区
10%
云南省 曲靖市 陆良县
10%
云南省 曲靖市 师宗县
10%
云南省 曲靖市 罗平县
10%
云南省 玉溪市 江川区
10%
云南省 玉溪市 通海县
10%
云南省 玉溪市 华宁县
10%
云南省 玉溪市 易门县
10%
云南省 玉溪市 新平彝族傣族自治县
10%
云南省 昭通市 巧家县
10%
云南省 昭通市 大关县
10%
云南省 昭通市 绥江县
10%
云南省 昭通市 镇雄县
10%
云南省 丽江市 华坪县
10%
云南省 普洱市 宁洱哈尼族彝族自治县
10%
云南省 普洱市 墨江哈尼族自治县
10%
云南省 普洱市 景谷傣族彝族自治县
10%
云南省 普洱市 江城哈尼族彝族自治县
10%
云南省 普洱市 孟连傣族拉祜族佤族自治县
10%
云南省 普洱市 西盟佤族自治县
10%
云南省 临沧市 临翔区
10%
云南省 临沧市 耿马傣族佤族自治县
10%
云南省 临沧市 沧源佤族自治县
10%
云南省 楚雄彝族自治州 双柏县
10%
云南省 红河哈尼族彝族自治州 建水县
10%
云南省 红河哈尼族彝族自治州 石屏县
10%
云南省 文山壮族苗族自治州 砚山县
10%
云南省 文山壮族苗族自治州 马关县
10%
云南省 文山壮族苗族自治州 丘北县
10%
云南省 文山壮族苗族自治州 广南县
10%
云南省 文山壮族苗族自治州 富宁县
10%
云南省 大理白族自治州 弥渡县
10%
云南省 大理白族自治州 永平县
10%
云南省 大理白族自治州 鹤庆县
10%
云南省 德宏傣族景颇族自治州 盈江县
10%
云南省 怒江傈僳族自治州 福贡县
10%
西藏自治区 拉萨市 尼木县
10%
西藏自治区 拉萨市 曲水县
10%
西藏自治区 日喀则市 萨迦县
10%
西藏自治区 日喀则市 昂仁县
10%
西藏自治区 日喀则市 康马县
10%
西藏自治区 日喀则市 定结县
10%
西藏自治区 日喀则市 吉隆县
10%
西藏自治区 日喀则市 聂拉木县
10%
西藏自治区 日喀则市 萨嘎县
10%
西藏自治区 日喀则市 岗巴县
10%
西藏自治区 昌都市 贡觉县
10%
西藏自治区 昌都市 类乌齐县
10%
西藏自治区 昌都市 丁青县
10%
西藏自治区 昌都市 左贡县
10%
西藏自治区 昌都市 洛隆县
10%
西藏自治区 昌都市 边坝县
10%
西藏自治区 林芝市 波密县
10%
西藏自治区 林芝市 米林市
10%
西藏自治区 山南市 琼结县
10%
西藏自治区 山南市 隆子县
10%
西藏自治区 那曲市 嘉黎县
10%
西藏自治区 那曲市 聂荣县
10%
西藏自治区 那曲市 申扎县
10%
西藏自治区 那曲市 班戈县
10%
陕西省 宝鸡市 凤翔区
10%
陕西省 宝鸡市 岐山县
10%
陕西省 宝鸡市 扶风县
10%
陕西省 宝鸡市 千阳县
10%
陕西省 宝鸡市 麟游县
10%
陕西省 宝鸡市 太白县
10%
陕西省 咸阳市 乾县
10%
陕西省 咸阳市 永寿县
10%
陕西省 咸阳市 长武县
10%
陕西省 咸阳市 淳化县
10%
陕西省 咸阳市 武功县
10%
陕西省 渭南市 华州区
10%
陕西省 渭南市 潼关县
10%
陕西省 渭南市 澄城县
10%
陕西省 渭南市 韩城市
10%
陕西省 渭南市 华阴市
10%
陕西省 延安市 延长县
10%
陕西省 汉中市 城固县
10%
陕西省 汉中市 镇巴县
10%
陕西省 榆林市 子洲县
10%
陕西省 安康市 宁陕县
10%
陕西省 安康市 白河县
10%
陕西省 商洛市 商州区
10%
陕西省 商洛市 洛南县
10%
陕西省 商洛市 丹凤县
10%
陕西省 商洛市 商南县
10%
陕西省 商洛市 镇安县
10%
陕西省 商洛市 柞水县
10%
甘肃省 白银市 景泰县
10%
甘肃省 天水市 秦州区
10%
甘肃省 天水市 秦安县
10%
甘肃省 武威市 古浪县
10%
甘肃省 平凉市 庄浪县
10%
甘肃省 平凉市 静宁县
10%
甘肃省 庆阳市 西峰区
10%
甘肃省 庆阳市 庆城县
10%
甘肃省 庆阳市 合水县
10%
甘肃省 庆阳市 镇原县
10%
甘肃省 定西市 安定区
10%
甘肃省 定西市 通渭县
10%
甘肃省 定西市 陇西县
10%
甘肃省 定西市 渭源县
10%
甘肃省 陇南市 宕昌县
10%
甘肃省 陇南市 两当县
10%
甘肃省 临夏回族自治州 永靖县
10%
甘肃省 甘南藏族自治州 迭部县
10%
青海省 海东市 循化撒拉族自治县
10%
青海省 黄南藏族自治州 尖扎县
10%
青海省 黄南藏族自治州 泽库县
10%
青海省 海南藏族自治州 贵德县
10%
青海省 海南藏族自治州 贵南县
10%
青海省 果洛藏族自治州 班玛县
10%
青海省 果洛藏族自治州 甘德县
10%
青海省 果洛藏族自治州 达日县
10%
宁夏回族自治区 石嘴山市 平罗县
10%
宁夏回族自治区 吴忠市 利通区
10%
宁夏回族自治区 吴忠市 青铜峡市
10%
宁夏回族自治区 固原市 原州区
10%
宁夏回族自治区 中卫市 海原县
10%
新疆维吾尔自治区 乌鲁木齐市 头屯河区
10%
新疆维吾尔自治区 克拉玛依市 白碱滩区
10%
新疆维吾尔自治区 哈密市 巴里坤哈萨克自治县
10%
新疆维吾尔自治区 昌吉回族自治州 阜康市
10%
新疆维吾尔自治区 昌吉回族自治州 呼图壁县
10%
新疆维吾尔自治区 昌吉回族自治州 玛纳斯县
10%
新疆维吾尔自治区 昌吉回族自治州 奇台县
10%
新疆维吾尔自治区 昌吉回族自治州 吉木萨尔县
10%
新疆维吾尔自治区 博尔塔拉蒙古自治州 温泉县
10%
新疆维吾尔自治区 巴音郭楞蒙古自治州 焉耆回族自治县
10%
新疆维吾尔自治区 阿克苏地区 温宿县
10%
新疆维吾尔自治区 阿克苏地区 沙雅县
10%
新疆维吾尔自治区 阿克苏地区 新和县
10%
新疆维吾尔自治区 阿克苏地区 拜城县
10%
新疆维吾尔自治区 阿克苏地区 柯坪县
10%
新疆维吾尔自治区 喀什地区 英吉沙县
10%
新疆维吾尔自治区 喀什地区 麦盖提县
10%
新疆维吾尔自治区 喀什地区 岳普湖县
10%
新疆维吾尔自治区 和田地区 洛浦县
10%
新疆维吾尔自治区 和田地区 策勒县
10%
新疆维吾尔自治区 伊犁哈萨克自治州 察布查尔锡伯自治县
10%
新疆维吾尔自治区 伊犁哈萨克自治州 巩留县
10%
新疆维吾尔自治区 伊犁哈萨克自治州 昭苏县
10%
新疆维吾尔自治区 塔城地区 和布克赛尔蒙古自治县
10%
新疆维吾尔自治区 阿勒泰地区 青河县
10%
新疆维吾尔自治区 阿勒泰地区 吉木乃县
10%
河北省 石家庄市 鹿泉区
0%
河北省 石家庄市 高邑县
0%
河北省 邯郸市 丛台区
0%
河北省 邯郸市 复兴区
0%
河北省 邯郸市 成安县
0%
河北省 邯郸市 武安市
0%
河北省 邢台市 信都区
0%
河北省 邢台市 南和区
0%
河北省 邢台市 内丘县
0%
河北省 邢台市 柏乡县
0%
河北省 邢台市 隆尧县
0%
河北省 邢台市 宁晋县
0%
河北省 邢台市 新河县
0%
河北省 邢台市 广宗县
0%
河北省 保定市 涞水县
0%
河北省 保定市 定兴县
0%
河北省 承德市 隆化县
0%
河北省 沧州市 肃宁县
0%
河北省 沧州市 献县
0%
河北省 廊坊市 永清县
0%
河北省 衡水市 武邑县
0%
河北省 衡水市 武强县
0%
河北省 衡水市 饶阳县
0%
河北省 衡水市 阜城县
0%
山西省 大同市 阳高县
0%
山西省 大同市 广灵县
0%
山西省 大同市 浑源县
0%
山西省 长治市 上党区
0%
山西省 长治市 黎城县
0%
山西省 长治市 壶关县
0%
山西省 长治市 武乡县
0%
山西省 晋城市 沁水县
0%
山西省 晋城市 阳城县
0%
山西省 晋中市 榆社县
0%
山西省 晋中市 昔阳县
0%
山西省 晋中市 寿阳县
0%
山西省 运城市 临猗县
0%
山西省 忻州市 定襄县
0%
山西省 忻州市 五台县
0%
山西省 忻州市 繁峙县
0%
山西省 忻州市 宁武县
0%
山西省 忻州市 静乐县
0%
山西省 忻州市 神池县
0%
山西省 忻州市 五寨县
0%
山西省 忻州市 岢岚县
0%
山西省 临汾市 曲沃县
0%
山西省 临汾市 翼城县
0%
山西省 临汾市 安泽县
0%
山西省 临汾市 浮山县
0%
山西省 临汾市 大宁县
0%
山西省 临汾市 永和县
0%
内蒙古自治区 包头市 固阳县
0%
内蒙古自治区 乌兰察布市 察哈尔右翼前旗
0%
内蒙古自治区 乌兰察布市 察哈尔右翼中旗
0%
内蒙古自治区 乌兰察布市 察哈尔右翼后旗
0%
内蒙古自治区 兴安盟 突泉县
0%
辽宁省 鞍山市 台安县
0%
辽宁省 抚顺市 新抚区
0%
辽宁省 抚顺市 东洲区
0%
辽宁省 抚顺市 望花区
0%
辽宁省 抚顺市 顺城区
0%
辽宁省 抚顺市 新宾满族自治县
0%
辽宁省 抚顺市 清原满族自治县
0%
辽宁省 本溪市 南芬区
0%
辽宁省 本溪市 桓仁满族自治县
0%
辽宁省 锦州市 古塔区
0%
辽宁省 锦州市 北镇市
0%
辽宁省 阜新市 清河门区
0%
辽宁省 阜新市 彰武县
0%
辽宁省 辽阳市 白塔区
0%
辽宁省 辽阳市 文圣区
0%
辽宁省 辽阳市 宏伟区
0%
辽宁省 辽阳市 太子河区
0%
辽宁省 辽阳市 辽阳县
0%
辽宁省 盘锦市 盘山县
0%
辽宁省 朝阳市 建平县
0%
辽宁省 葫芦岛市 建昌县
0%
吉林省 通化市 辉南县
0%
吉林省 通化市 柳河县
0%
吉林省 白山市 江源区
0%
吉林省 松原市 宁江区
0%
吉林省 松原市 乾安县
0%
黑龙江省 齐齐哈尔市 龙江县
0%
黑龙江省 齐齐哈尔市 依安县
0%
黑龙江省 齐齐哈尔市 泰来县
0%
黑龙江省 齐齐哈尔市 克山县
0%
黑龙江省 齐齐哈尔市 克东县
0%
黑龙江省 鸡西市 城子河区
0%
黑龙江省 鸡西市 麻山区
0%
黑龙江省 鹤岗市 兴安区
0%
黑龙江省 双鸭山市 尖山区
0%
黑龙江省 双鸭山市 岭东区
0%
黑龙江省 大庆市 红岗区
0%
黑龙江省 大庆市 肇州县
0%
黑龙江省 大庆市 肇源县
0%
黑龙江省 大庆市 林甸县
0%
黑龙江省 伊春市 乌翠区
0%
黑龙江省 伊春市 金林区
0%
黑龙江省 佳木斯市 桦川县
0%
黑龙江省 佳木斯市 汤原县
0%
黑龙江省 绥化市 北林区
0%
黑龙江省 绥化市 望奎县
0%
黑龙江省 绥化市 兰西县
0%
黑龙江省 绥化市 青冈县
0%
黑龙江省 绥化市 明水县
0%
黑龙江省 绥化市 绥棱县
0%
浙江省 温州市 文成县
0%
浙江省 温州市 泰顺县
0%
浙江省 衢州市 柯城区
0%
浙江省 衢州市 常山县
0%
浙江省 丽水市 遂昌县
0%
浙江省 丽水市 松阳县
0%
浙江省 丽水市 庆元县
0%
安徽省 芜湖市 南陵县
0%
安徽省 蚌埠市 龙子湖区
0%
安徽省 蚌埠市 禹会区
0%
安徽省 蚌埠市 固镇县
0%
安徽省 淮北市 杜集区
0%
安徽省 淮北市 相山区
0%
安徽省 淮北市 烈山区
0%
安徽省 安庆市 大观区
0%
安徽省 安庆市 宜秀区
0%
安徽省 安庆市 宿松县
0%
安徽省 安庆市 望江县
0%
安徽省 安庆市 岳西县
0%
安徽省 阜阳市 临泉县
0%
安徽省 宿州市 灵璧县
0%
安徽省 亳州市 蒙城县
0%
安徽省 池州市 青阳县
0%
福建省 福州市 罗源县
0%
福建省 福州市 永泰县
0%
福建省 莆田市 涵江区
0%
福建省 三明市 将乐县
0%
福建省 三明市 建宁县
0%
福建省 泉州市 惠安县
0%
福建省 泉州市 安溪县
0%
福建省 泉州市 永春县
0%
福建省 漳州市 南靖县
0%
福建省 漳州市 平和县
0%
福建省 漳州市 华安县
0%
福建省 南平市 顺昌县
0%
福建省 南平市 浦城县
0%
福建省 南平市 光泽县
0%
福建省 南平市 松溪县
0%
福建省 南平市 政和县
0%
福建省 宁德市 寿宁县
0%
福建省 宁德市 周宁县
0%
江西省 南昌市 安义县
0%
江西省 萍乡市 湘东区
0%
江西省 萍乡市 上栗县
0%
江西省 萍乡市 芦溪县
0%
江西省 九江市 武宁县
0%
江西省 九江市 修水县
0%
江西省 九江市 永修县
0%
江西省 九江市 德安县
0%
江西省 九江市 都昌县
0%
江西省 九江市 彭泽县
0%
江西省 鹰潭市 余江区
0%
江西省 赣州市 大余县
0%
江西省 赣州市 上犹县
0%
江西省 赣州市 崇义县
0%
江西省 赣州市 宁都县
0%
江西省 赣州市 会昌县
0%
江西省 赣州市 石城县
0%
江西省 吉安市 吉水县
0%
江西省 吉安市 峡江县
0%
江西省 吉安市 永丰县
0%
江西省 吉安市 遂川县
0%
江西省 吉安市 万安县
0%
江西省 吉安市 安福县
0%
江西省 吉安市 永新县
0%
江西省 宜春市 袁州区
0%
江西省 宜春市 奉新县
0%
江西省 宜春市 万载县
0%
江西省 宜春市 上高县
0%
江西省 宜春市 宜丰县
0%
江西省 宜春市 靖安县
0%
江西省 宜春市 铜鼓县
0%
江西省 抚州市 黎川县
0%
江西省 抚州市 南丰县
0%
江西省 抚州市 崇仁县
0%
江西省 抚州市 宜黄县
0%
江西省 抚州市 资溪县
0%
江西省 抚州市 广昌县
0%
江西省 上饶市 信州区
0%
江西省 上饶市 广丰区
0%
江西省 上饶市 横峰县
0%
江西省 上饶市 万年县
0%
河南省 开封市 通许县
0%
河南省 洛阳市 涧西区
0%
河南省 洛阳市 宜阳县
0%
河南省 洛阳市 洛宁县
0%
河南省 平顶山市 卫东区
0%
河南省 平顶山市 湛河区
0%
河南省 平顶山市 宝丰县
0%
河南省 焦作市 孟州市
0%
河南省 漯河市 舞阳县
0%
河南省 南阳市 南召县
0%
河南省 商丘市 宁陵县
0%
河南省 商丘市 柘城县
0%
河南省 信阳市 浉河区
0%
河南省 信阳市 平桥区
0%
河南省 信阳市 罗山县
0%
河南省 驻马店市 西平县
0%
河南省 驻马店市 正阳县
0%
河南省 驻马店市 确山县
0%
河南省 驻马店市 遂平县
0%
湖北省 黄石市 下陆区
0%
湖北省 十堰市 张湾区
0%
湖北省 十堰市 竹山县
0%
湖北省 十堰市 竹溪县
0%
湖北省 宜昌市 长阳土家族自治县
0%
湖北省 宜昌市 五峰土家族自治县
0%
湖北省 襄阳市 南漳县
0%
湖北省 襄阳市 保康县
0%
湖北省 孝感市 应城市
0%
湖北省 荆州市 荆州区
0%
湖北省 黄冈市 罗田县
0%
湖北省 黄冈市 英山县
0%
湖北省 咸宁市 崇阳县
0%
湖北省 恩施土家族苗族自治州 宣恩县
0%
湖北省 恩施土家族苗族自治州 鹤峰县
0%
湖南省 株洲市 荷塘区
0%
湖南省 株洲市 芦淞区
0%
湖南省 株洲市 石峰区
0%
湖南省 株洲市 天元区
0%
湖南省 株洲市 渌口区
0%
湖南省 邵阳市 大祥区
0%
湖南省 邵阳市 北塔区
0%
湖南省 邵阳市 新邵县
0%
湖南省 邵阳市 新宁县
0%
湖南省 张家界市 慈利县
0%
湖南省 张家界市 桑植县
0%
湖南省 益阳市 资阳区
0%
湖南省 益阳市 赫山区
0%
湖南省 益阳市 桃江县
0%
湖南省 郴州市 宜章县
0%
湖南省 郴州市 永兴县
0%
湖南省 郴州市 临武县
0%
湖南省 郴州市 桂东县
0%
湖南省 郴州市 安仁县
0%
湖南省 永州市 江永县
0%
湖南省 永州市 宁远县
0%
湖南省 永州市 新田县
0%
湖南省 永州市 江华瑶族自治县
0%
湖南省 怀化市 中方县
0%
湖南省 怀化市 辰溪县
0%
湖南省 怀化市 会同县
0%
湖南省 怀化市 新晃侗族自治县
0%
湖南省 娄底市 双峰县
0%
湖南省 娄底市 新化县
0%
湖南省 娄底市 涟源市
0%
湖南省 湘西土家族苗族自治州 永顺县
0%
广东省 韶关市 仁化县
0%
广东省 肇庆市 广宁县
0%
广东省 梅州市 梅江区
0%
广东省 梅州市 丰顺县
0%
广东省 汕尾市 陆河县
0%
广东省 河源市 紫金县
0%
广东省 河源市 东源县
0%
广西壮族自治区 南宁市 隆安县
0%
广西壮族自治区 南宁市 马山县
0%
广西壮族自治区 南宁市 上林县
0%
广西壮族自治区 南宁市 宾阳县
0%
广西壮族自治区 柳州市 鱼峰区
0%
广西壮族自治区 柳州市 鹿寨县
0%
广西壮族自治区 柳州市 融安县
0%
广西壮族自治区 柳州市 融水苗族自治县
0%
广西壮族自治区 桂林市 雁山区
0%
广西壮族自治区 桂林市 兴安县
0%
广西壮族自治区 桂林市 永福县
0%
广西壮族自治区 桂林市 平乐县
0%
广西壮族自治区 梧州市 万秀区
0%
广西壮族自治区 梧州市 长洲区
0%
广西壮族自治区 梧州市 龙圩区
0%
广西壮族自治区 梧州市 岑溪市
0%
广西壮族自治区 钦州市 灵山县
0%
广西壮族自治区 钦州市 浦北县
0%
广西壮族自治区 贵港市 覃塘区
0%
广西壮族自治区 玉林市 玉州区
0%
广西壮族自治区 玉林市 福绵区
0%
广西壮族自治区 玉林市 陆川县
0%
广西壮族自治区 百色市 田阳区
0%
广西壮族自治区 百色市 乐业县
0%
广西壮族自治区 百色市 西林县
0%
广西壮族自治区 贺州市 平桂区
0%
广西壮族自治区 贺州市 昭平县
0%
广西壮族自治区 贺州市 富川瑶族自治县
0%
广西壮族自治区 河池市 南丹县
0%
广西壮族自治区 河池市 天峨县
0%
广西壮族自治区 河池市 凤山县
0%
广西壮族自治区 河池市 东兰县
0%
广西壮族自治区 河池市 罗城仫佬族自治县
0%
广西壮族自治区 河池市 环江毛南族自治县
0%
广西壮族自治区 河池市 都安瑶族自治县
0%
广西壮族自治区 河池市 大化瑶族自治县
0%
广西壮族自治区 来宾市 合山市
0%
四川省 自贡市 沿滩区
0%
四川省 自贡市 富顺县
0%
四川省 泸州市 纳溪区
0%
四川省 德阳市 罗江区
0%
四川省 德阳市 中江县
0%
四川省 绵阳市 游仙区
0%
四川省 绵阳市 三台县
0%
四川省 广元市 利州区
0%
四川省 广元市 昭化区
0%
四川省 遂宁市 船山区
0%
四川省 遂宁市 安居区
0%
四川省 遂宁市 蓬溪县
0%
四川省 内江市 威远县
0%
四川省 乐山市 金口河区
0%
四川省 乐山市 井研县
0%
四川省 乐山市 夹江县
0%
四川省 乐山市 沐川县
0%
四川省 乐山市 峨边彝族自治县
0%
四川省 乐山市 马边彝族自治县
0%
四川省 南充市 顺庆区
0%
四川省 南充市 高坪区
0%
四川省 南充市 嘉陵区
0%
四川省 南充市 南部县
0%
四川省 南充市 蓬安县
0%
四川省 眉山市 洪雅县
0%
四川省 眉山市 丹棱县
0%
四川省 眉山市 青神县
0%
四川省 宜宾市 南溪区
0%
四川省 宜宾市 珙县
0%
四川省 达州市 开江县
0%
四川省 雅安市 天全县
0%
四川省 雅安市 芦山县
0%
四川省 巴中市 恩阳区
0%
四川省 资阳市 雁江区
0%
四川省 资阳市 安岳县
0%
四川省 阿坝藏族羌族自治州 壤塘县
0%
四川省 甘孜藏族自治州 雅江县
0%
四川省 凉山彝族自治州 会东县
0%
四川省 凉山彝族自治州 宁南县
0%
四川省 凉山彝族自治州 普格县
0%
四川省 凉山彝族自治州 布拖县
0%
四川省 凉山彝族自治州 金阳县
0%
四川省 凉山彝族自治州 越西县
0%
贵州省 遵义市 汇川区
0%
贵州省 遵义市 桐梓县
0%
贵州省 遵义市 正安县
0%
贵州省 遵义市 道真仡佬族苗族自治县
0%
贵州省 遵义市 凤冈县
0%
贵州省 遵义市 湄潭县
0%
贵州省 遵义市 余庆县
0%
贵州省 安顺市 西秀区
0%
贵州省 安顺市 镇宁布依族苗族自治县
0%
贵州省 安顺市 关岭布依族苗族自治县
0%
贵州省 毕节市 金沙县
0%
贵州省 毕节市 织金县
0%
贵州省 毕节市 纳雍县
0%
贵州省 毕节市 威宁彝族回族苗族自治县
0%
贵州省 毕节市 赫章县
0%
贵州省 铜仁市 碧江区
0%
贵州省 铜仁市 万山区
0%
贵州省 铜仁市 玉屏侗族自治县
0%
贵州省 铜仁市 思南县
0%
贵州省 铜仁市 印江土家族苗族自治县
0%
贵州省 铜仁市 德江县
0%
贵州省 铜仁市 沿河土家族自治县
0%
贵州省 铜仁市 松桃苗族自治县
0%
贵州省 黔西南布依族苗族自治州 普安县
0%
贵州省 黔西南布依族苗族自治州 晴隆县
0%
贵州省 黔西南布依族苗族自治州 贞丰县
0%
贵州省 黔西南布依族苗族自治州 望谟县
0%
贵州省 黔西南布依族苗族自治州 册亨县
0%
贵州省 黔东南苗族侗族自治州 岑巩县
0%
贵州省 黔东南苗族侗族自治州 剑河县
0%
贵州省 黔东南苗族侗族自治州 雷山县
0%
贵州省 黔东南苗族侗族自治州 麻江县
0%
贵州省 黔东南苗族侗族自治州 丹寨县
0%
贵州省 黔南布依族苗族自治州 平塘县
0%
贵州省 黔南布依族苗族自治州 罗甸县
0%
贵州省 黔南布依族苗族自治州 长顺县
0%
贵州省 黔南布依族苗族自治州 龙里县
0%
云南省 昆明市 盘龙区
0%
云南省 昆明市 晋宁区
0%
云南省 昆明市 富民县
0%
云南省 昆明市 宜良县
0%
云南省 曲靖市 麒麟区
0%
云南省 曲靖市 马龙区
0%
云南省 曲靖市 富源县
0%
云南省 玉溪市 峨山彝族自治县
0%
云南省 保山市 隆阳区
0%
云南省 保山市 施甸县
0%
云南省 保山市 龙陵县
0%
云南省 保山市 昌宁县
0%
云南省 昭通市 昭阳区
0%
云南省 昭通市 鲁甸县
0%
云南省 昭通市 永善县
0%
云南省 昭通市 彝良县
0%
云南省 昭通市 威信县
0%
云南省 丽江市 永胜县
0%
云南省 普洱市 景东彝族自治县
0%
云南省 普洱市 镇沅彝族哈尼族拉祜族自治县
0%
云南省 普洱市 澜沧拉祜族自治县
0%
云南省 临沧市 凤庆县
0%
云南省 临沧市 永德县
0%
云南省 临沧市 镇康县
0%
云南省 临沧市 双江拉祜族佤族布朗族傣族自治县
0%
云南省 楚雄彝族自治州 禄丰市
0%
云南省 楚雄彝族自治州 牟定县
0%
云南省 楚雄彝族自治州 南华县
0%
云南省 楚雄彝族自治州 姚安县
0%
云南省 楚雄彝族自治州 大姚县
0%
云南省 楚雄彝族自治州 永仁县
0%
云南省 楚雄彝族自治州 武定县
0%
云南省 红河哈尼族彝族自治州 屏边苗族自治县
0%
云南省 红河哈尼族彝族自治州 泸西县
0%
云南省 红河哈尼族彝族自治州 元阳县
0%
云南省 红河哈尼族彝族自治州 绿春县
0%
云南省 文山壮族苗族自治州 西畴县
0%
云南省 大理白族自治州 祥云县
0%
云南省 大理白族自治州 宾川县
0%
云南省 大理白族自治州 南涧彝族自治县
0%
云南省 大理白族自治州 巍山彝族回族自治县
0%
云南省 大理白族自治州 洱源县
0%
云南省 大理白族自治州 剑川县
0%
云南省 德宏傣族景颇族自治州 梁河县
0%
云南省 德宏傣族景颇族自治州 陇川县
0%
云南省 怒江傈僳族自治州 贡山独龙族怒族自治县
0%
云南省 怒江傈僳族自治州 兰坪白族普米族自治县
0%
西藏自治区 拉萨市 林周县
0%
西藏自治区 日喀则市 拉孜县
0%
西藏自治区 日喀则市 白朗县
0%
西藏自治区 日喀则市 仁布县
0%
西藏自治区 昌都市 察雅县
0%
西藏自治区 昌都市 芒康县
0%
西藏自治区 山南市 扎囊县
0%
西藏自治区 山南市 贡嘎县
0%
西藏自治区 山南市 桑日县
0%
西藏自治区 山南市 曲松县
0%
西藏自治区 山南市 洛扎县
0%
西藏自治区 山南市 加查县
0%
西藏自治区 那曲市 安多县
0%
甘肃省 白银市 平川区
0%
甘肃省 天水市 甘谷县
0%
甘肃省 天水市 武山县
0%
甘肃省 武威市 天祝藏族自治县
0%
甘肃省 平凉市 灵台县
0%
甘肃省 平凉市 崇信县
0%
甘肃省 庆阳市 华池县
0%
甘肃省 定西市 临洮县
0%
甘肃省 定西市 岷县
0%
甘肃省 陇南市 西和县
0%
甘肃省 临夏回族自治州 康乐县
0%
甘肃省 临夏回族自治州 广河县
0%
甘肃省 临夏回族自治州 和政县
0%
甘肃省 临夏回族自治州 东乡族自治县
0%
甘肃省 甘南藏族自治州 临潭县
0%
甘肃省 甘南藏族自治州 卓尼县
0%
青海省 海南藏族自治州 同德县
0%
青海省 海南藏族自治州 兴海县
0%
宁夏回族自治区 吴忠市 红寺堡区
0%
新疆维吾尔自治区 阿克苏地区 乌什县
0%
新疆维吾尔自治区 伊犁哈萨克自治州 尼勒克县
0%
新疆维吾尔自治区 塔城地区 额敏县
0%
新疆维吾尔自治区 塔城地区 托里县
0%
新疆维吾尔自治区 塔城地区 裕民县
0%
No matching quizzes found
Score Distribution
Percent of People with Each Score
Percentile by Number Answered
Your Score History
You have not taken this quiz